<?xml version="1.0" encoding="UTF-8"?>
<collection xmlns="http://www.loc.gov/MARC21/slim">
<record>
  <controlfield tag="000">01843ckm\a2200349Ki\4500</controlfield>
  <controlfield tag="001">252348</controlfield>
  <controlfield tag="005">20251009104655.0</controlfield>
  <controlfield tag="007">kj\bo</controlfield>
  <controlfield tag="008">200908s1806\\\\enkn\n\\\\\\\\\\\\kneng\d</controlfield>
  <datafield tag="029" ind1="1" ind2=" ">
    <subfield code="a">UXG</subfield>
    <subfield code="c">/p252501coll1</subfield>
    <subfield code="t">CNTNT</subfield>
  </datafield>
  <datafield tag="035" ind1=" " ind2=" ">
    <subfield code="a">430349974</subfield>
  </datafield>
  <datafield tag="035" ind1=" " ind2=" ">
    <subfield code="a">(DFoPcSh)00216981</subfield>
  </datafield>
  <datafield tag="035" ind1=" " ind2=" ">
    <subfield code="a">239415</subfield>
  </datafield>
  <datafield tag="040" ind1=" " ind2=" ">
    <subfield code="a">DFo/CaBNvSL/CaBNvSL</subfield>
    <subfield code="c">UXG</subfield>
    <subfield code="e">gihc</subfield>
    <subfield code="d">UXG</subfield>
    <subfield code="d">UtOrBLW</subfield>
  </datafield>
  <datafield tag="049" ind1=" " ind2=" ">
    <subfield code="a">UXGA</subfield>
  </datafield>
  <datafield tag="100" ind1="1" ind2=" ">
    <subfield code="a">Eginton, Francis,</subfield>
    <subfield code="d">1775-1823,</subfield>
    <subfield code="0">no2008031297,</subfield>
    <subfield code="e">printmaker.</subfield>
  </datafield>
  <datafield tag="245" ind1="1" ind2="0">
    <subfield code="a">Jubilee Amphitheatre</subfield>
    <subfield code="h">[graphic] /</subfield>
    <subfield code="c">drawn by R.B. Wheler ; engraved by F. Eginton.</subfield>
  </datafield>
  <datafield tag="260" ind1=" " ind2=" ">
    <subfield code="a">[Stratford-upon-Avon, Eng.] :</subfield>
    <subfield code="b">[s.n.],</subfield>
    <subfield code="c">1806.</subfield>
  </datafield>
  <datafield tag="300" ind1=" " ind2=" ">
    <subfield code="a">1 print :</subfield>
    <subfield code="b">engraving ;</subfield>
    <subfield code="c">oval image 3 1/2 x 6 1/4 in.</subfield>
  </datafield>
  <datafield tag="336" ind1=" " ind2=" ">
    <subfield code="a">still image</subfield>
    <subfield code="b">sti</subfield>
    <subfield code="2">rdacontent</subfield>
  </datafield>
  <datafield tag="337" ind1=" " ind2=" ">
    <subfield code="a">unmediated</subfield>
    <subfield code="b">n</subfield>
    <subfield code="2">rdamedia</subfield>
  </datafield>
  <datafield tag="340" ind1=" " ind2=" ">
    <subfield code="a">paper</subfield>
    <subfield code="2">rdamat</subfield>
  </datafield>
  <datafield tag="340" ind1=" " ind2=" ">
    <subfield code="d">engraving</subfield>
    <subfield code="2">rdapm</subfield>
  </datafield>
  <datafield tag="340" ind1=" " ind2=" ">
    <subfield code="g">monochrome</subfield>
    <subfield code="2">rdacc</subfield>
  </datafield>
  <datafield tag="500" ind1=" " ind2=" ">
    <subfield code="a">Plate to R.B. Wheler, History and antiquities of Stratford-upon-Avon, [1806].</subfield>
  </datafield>
  <datafield tag="500" ind1=" " ind2=" ">
    <subfield code="a">This record contains unverified data from old cards and may contain incorrect or incomplete text. Please consult Curator for assistance.</subfield>
  </datafield>
  <datafield tag="600" ind1="1" ind2="0">
    <subfield code="a">Shakespeare, William,</subfield>
    <subfield code="d">1564-1616</subfield>
    <subfield code="x">Anniversaries, etc.,</subfield>
    <subfield code="0">sh 85120826,</subfield>
    <subfield code="e">depicted.</subfield>
  </datafield>
  <datafield tag="651" ind1=" " ind2="0">
    <subfield code="a">Stratford-upon-Avon (England)</subfield>
    <subfield code="0">n  79115366</subfield>
    <subfield code="x">Buildings, structures, etc.,</subfield>
    <subfield code="0">sh 99004820,</subfield>
    <subfield code="e">depicted.</subfield>
  </datafield>
  <datafield tag="655" ind1=" " ind2="7">
    <subfield code="a">Prints.</subfield>
    <subfield code="0">tgm008237g</subfield>
    <subfield code="2">gmgpc</subfield>
  </datafield>
  <datafield tag="700" ind1="1" ind2=" ">
    <subfield code="a">Wheler, Robert Bell,</subfield>
    <subfield code="d">1785-1857,</subfield>
    <subfield code="0">nr2003022442,</subfield>
    <subfield code="e">artist.</subfield>
  </datafield>
  <datafield tag="752" ind1=" " ind2=" ">
    <subfield code="a">Great Britain</subfield>
    <subfield code="b">England</subfield>
    <subfield code="d">Stratford-on-Avon.</subfield>
  </datafield>
  <datafield tag="852" ind1="8" ind2=" ">
    <subfield code="a">US-DFo</subfield>
    <subfield code="b">DeckB-Art</subfield>
    <subfield code="h">ART File S527.8 no.28</subfield>
    <subfield code="m">(size XS)</subfield>
    <subfield code="x">CIN=psr PDI rootfile 030875</subfield>
    <subfield code="7">328477</subfield>
    <subfield code="j">cs810</subfield>
  </datafield>
  <datafield tag="852" ind1="8" ind2=" ">
    <subfield code="a">US-DFo</subfield>
    <subfield code="b">DeckB-Art</subfield>
    <subfield code="h">ART Vol. d83 no.3a</subfield>
    <subfield code="7">488989</subfield>
  </datafield>
  <datafield tag="856" ind1="4" ind2="1">
    <subfield code="u">https://digitalcollections.folger.edu/img30875</subfield>
    <subfield code="z">Digital image(s) of Folger Shakespeare Library ART File S527.8 no.28</subfield>
  </datafield>
  <datafield tag="909" ind1="C" ind2="O">
    <subfield code="o">oai:catalog.folger.edu:252348</subfield>
    <subfield code="p">GLOBAL_SET</subfield>
  </datafield>
  <datafield tag="980" ind1=" " ind2=" ">
    <subfield code="a">BIB</subfield>
  </datafield>
  <datafield tag="983" ind1=" " ind2=" ">
    <subfield code="a">Vault</subfield>
  </datafield>
  <datafield tag="983" ind1=" " ind2=" ">
    <subfield code="a">Online</subfield>
  </datafield>
</record>
<record>
  <controlfield tag="000">01692ctm\a2200325Ki\4500</controlfield>
  <controlfield tag="001">217042</controlfield>
  <controlfield tag="005">20251009100646.0</controlfield>
  <controlfield tag="008">080603s1769\\\\xx\\\\\\\\\\\\000\0\eng\d</controlfield>
  <datafield tag="035" ind1=" " ind2=" ">
    <subfield code="a">(OCoLC)ocn230385856</subfield>
  </datafield>
  <datafield tag="035" ind1=" " ind2=" ">
    <subfield code="a">(OCoLC)230385856</subfield>
  </datafield>
  <datafield tag="040" ind1=" " ind2=" ">
    <subfield code="a">DFo</subfield>
    <subfield code="c">UXG</subfield>
    <subfield code="d">UtOrBLW</subfield>
  </datafield>
  <datafield tag="100" ind1="1" ind2=" ">
    <subfield code="a">Garrick, David,</subfield>
    <subfield code="d">1717-1779,</subfield>
    <subfield code="0">n  50000443,</subfield>
    <subfield code="e">author.</subfield>
  </datafield>
  <datafield tag="245" ind1="1" ind2="0">
    <subfield code="a">Prologue by David Garrick to The jubilee</subfield>
    <subfield code="h">[manuscript],</subfield>
    <subfield code="f">[1769].</subfield>
  </datafield>
  <datafield tag="246" ind1="3" ind2=" ">
    <subfield code="a">From London your honours to Stratford I'm come</subfield>
  </datafield>
  <datafield tag="300" ind1=" " ind2=" ">
    <subfield code="a">1 item (2 leaves)</subfield>
  </datafield>
  <datafield tag="336" ind1=" " ind2=" ">
    <subfield code="a">text</subfield>
    <subfield code="b">txt</subfield>
    <subfield code="2">rdacontent</subfield>
  </datafield>
  <datafield tag="337" ind1=" " ind2=" ">
    <subfield code="a">unmediated</subfield>
    <subfield code="b">n</subfield>
    <subfield code="2">rdamedia</subfield>
  </datafield>
  <datafield tag="340" ind1=" " ind2=" ">
    <subfield code="a">2 leaves pasted on leaves 113-114.</subfield>
  </datafield>
  <datafield tag="500" ind1=" " ind2=" ">
    <subfield code="a">Listed in the Folger card index of first lines. First line: From London your honours to Stratford I'm come.</subfield>
  </datafield>
  <datafield tag="500" ind1=" " ind2=" ">
    <subfield code="a">Also, another version in Garrick's hand pasted on leaf 115.</subfield>
  </datafield>
  <datafield tag="510" ind1="4" ind2=" ">
    <subfield code="a">Knapp, M.E. Checklist of verse by David Garrick,</subfield>
    <subfield code="c">327</subfield>
  </datafield>
  <datafield tag="530" ind1=" " ind2=" ">
    <subfield code="a">Also available on microfilm.</subfield>
  </datafield>
  <datafield tag="600" ind1="1" ind2="0">
    <subfield code="a">Shakespeare, William,</subfield>
    <subfield code="d">1564-1616</subfield>
    <subfield code="x">Anniversaries, etc.</subfield>
    <subfield code="0">sh 85120826</subfield>
    <subfield code="v">Manuscripts.</subfield>
  </datafield>
  <datafield tag="655" ind1=" " ind2="7">
    <subfield code="a">Manuscripts (documents)</subfield>
    <subfield code="0">300028569</subfield>
    <subfield code="2">aat</subfield>
  </datafield>
  <datafield tag="655" ind1=" " ind2="7">
    <subfield code="a">Prologues and epilogues</subfield>
    <subfield code="2">local</subfield>
  </datafield>
  <datafield tag="700" ind1="1" ind2=" ">
    <subfield code="a">Garrick, David,</subfield>
    <subfield code="d">1717-1779.</subfield>
    <subfield code="0">n  50000443.</subfield>
    <subfield code="t">Jubilee.</subfield>
  </datafield>
  <datafield tag="773" ind1="0" ind2=" ">
    <subfield code="a">Garrick, David, 1717-1779.</subfield>
    <subfield code="t">Collection of verses, prologues and epilogues,</subfield>
    <subfield code="d">ca. 1740-ca. 1784.</subfield>
    <subfield code="o">W.b.464</subfield>
  </datafield>
  <datafield tag="852" ind1="8" ind2=" ">
    <subfield code="a">US-DFo</subfield>
    <subfield code="b">DeckC-Rare</subfield>
    <subfield code="h">W.b.464, fols. 113-114</subfield>
    <subfield code="7">244877</subfield>
  </datafield>
  <datafield tag="909" ind1="C" ind2="O">
    <subfield code="o">oai:catalog.folger.edu:217042</subfield>
    <subfield code="p">GLOBAL_SET</subfield>
  </datafield>
  <datafield tag="980" ind1=" " ind2=" ">
    <subfield code="a">BIB</subfield>
  </datafield>
  <datafield tag="983" ind1=" " ind2=" ">
    <subfield code="a">Vault</subfield>
  </datafield>
  <datafield tag="994" ind1=" " ind2=" ">
    <subfield code="a">C0</subfield>
    <subfield code="b">UXG</subfield>
  </datafield>
</record>
<record>
  <controlfield tag="000">01271ckm\a22002412u\4500</controlfield>
  <controlfield tag="001">262246</controlfield>
  <controlfield tag="005">20251009105840.0</controlfield>
  <controlfield tag="007">kd\co</controlfield>
  <controlfield tag="008">081010s1uuu\\\\xx\nnn\\\\\\\\\\\\knzxx\d</controlfield>
  <datafield tag="035" ind1=" " ind2=" ">
    <subfield code="a">(DFoPcSh)00220660</subfield>
  </datafield>
  <datafield tag="040" ind1=" " ind2=" ">
    <subfield code="a">DFo</subfield>
    <subfield code="c">CaBNvSL</subfield>
    <subfield code="d">CaBNvSL</subfield>
    <subfield code="e">gihc</subfield>
    <subfield code="d">UtOrBLW</subfield>
  </datafield>
  <datafield tag="043" ind1=" " ind2=" ">
    <subfield code="a">e-uk-en</subfield>
  </datafield>
  <datafield tag="049" ind1=" " ind2=" ">
    <subfield code="a">UXGA</subfield>
  </datafield>
  <datafield tag="245" ind1="0" ind2="5">
    <subfield code="a">[The Stratford Jubilee, 1769]</subfield>
    <subfield code="h">[graphic]</subfield>
  </datafield>
  <datafield tag="260" ind1=" " ind2=" ">
    <subfield code="a">[S.l.] :</subfield>
    <subfield code="b">[s.n.],</subfield>
    <subfield code="c">[s.d.]</subfield>
  </datafield>
  <datafield tag="300" ind1=" " ind2=" ">
    <subfield code="a">1 drawing :</subfield>
    <subfield code="b">pencil and watercolor ;</subfield>
    <subfield code="c">5 1/2 x 7 1/4 in.</subfield>
  </datafield>
  <datafield tag="336" ind1=" " ind2=" ">
    <subfield code="a">still image</subfield>
    <subfield code="b">sti</subfield>
    <subfield code="2">rdacontent</subfield>
  </datafield>
  <datafield tag="337" ind1=" " ind2=" ">
    <subfield code="a">unmediated</subfield>
    <subfield code="b">n</subfield>
    <subfield code="2">rdamedia</subfield>
  </datafield>
  <datafield tag="340" ind1=" " ind2=" ">
    <subfield code="a">paper</subfield>
    <subfield code="2">rdamat</subfield>
  </datafield>
  <datafield tag="340" ind1=" " ind2=" ">
    <subfield code="c">ink</subfield>
    <subfield code="c">watercolour</subfield>
    <subfield code="2">rdamat</subfield>
  </datafield>
  <datafield tag="340" ind1=" " ind2=" ">
    <subfield code="g">polychrome</subfield>
    <subfield code="2">rdacc</subfield>
  </datafield>
  <datafield tag="500" ind1=" " ind2=" ">
    <subfield code="a">Information taken partly from the Halliwell-Phillipps Calendar of the Shakespearean rarities (1891), p. 118.</subfield>
  </datafield>
  <datafield tag="500" ind1=" " ind2=" ">
    <subfield code="a">This is a PRELIMINARY RECORD. It contains unverified data from old cards and may contain incorrect or incomplete text.  Please email catalog@folger.edu for assistance.</subfield>
  </datafield>
  <datafield tag="600" ind1="1" ind2="0">
    <subfield code="a">Shakespeare, William,</subfield>
    <subfield code="d">1564-1616</subfield>
    <subfield code="x">Anniversaries, etc.,</subfield>
    <subfield code="0">sh 85120826,</subfield>
    <subfield code="e">depicted.</subfield>
  </datafield>
  <datafield tag="600" ind1="1" ind2="0">
    <subfield code="a">Shakespeare, William,</subfield>
    <subfield code="d">1564-1616</subfield>
    <subfield code="x">Homes and haunts</subfield>
    <subfield code="0">sh 85120951</subfield>
    <subfield code="z">England</subfield>
    <subfield code="0">n  82068148</subfield>
    <subfield code="z">Stratford-upon-Avon,</subfield>
    <subfield code="e">depicted.</subfield>
  </datafield>
  <datafield tag="651" ind1=" " ind2="0">
    <subfield code="a">Stratford-upon-Avon (England)</subfield>
    <subfield code="0">n  79115366</subfield>
    <subfield code="x">Buildings, structures, etc.,</subfield>
    <subfield code="0">sh 99004820,</subfield>
    <subfield code="e">depicted.</subfield>
  </datafield>
  <datafield tag="852" ind1="8" ind2=" ">
    <subfield code="a">US-DFo</subfield>
    <subfield code="b">DeckB-Art</subfield>
    <subfield code="h">ART Vol. d70 no.11a</subfield>
    <subfield code="x">CIN=mm</subfield>
    <subfield code="7">345840</subfield>
  </datafield>
  <datafield tag="909" ind1="C" ind2="O">
    <subfield code="o">oai:catalog.folger.edu:262246</subfield>
    <subfield code="p">GLOBAL_SET</subfield>
  </datafield>
  <datafield tag="980" ind1=" " ind2=" ">
    <subfield code="a">BIB</subfield>
  </datafield>
  <datafield tag="983" ind1=" " ind2=" ">
    <subfield code="a">Vault</subfield>
  </datafield>
</record>
<record>
  <controlfield tag="000">01985cam\a2200325\\\4500</controlfield>
  <controlfield tag="001">901238</controlfield>
  <controlfield tag="005">20251009191205.0</controlfield>
  <controlfield tag="006">m|||||o||d||||||||</controlfield>
  <controlfield tag="007">cr\un|---uuuua</controlfield>
  <controlfield tag="008">790719s1769\\\\enk||||\o\\\\\00|\||eng\c</controlfield>
  <datafield tag="035" ind1=" " ind2=" ">
    <subfield code="a">(ecco)T48009</subfield>
  </datafield>
  <datafield tag="040" ind1=" " ind2=" ">
    <subfield code="a">Uk-ES</subfield>
    <subfield code="c">Uk-ES</subfield>
    <subfield code="d">CStRLIN</subfield>
    <subfield code="d">Cengage Gale</subfield>
    <subfield code="d">UtOrBLW</subfield>
  </datafield>
  <datafield tag="245" ind1="0" ind2="0">
    <subfield code="a">Shakespeare's jubilee</subfield>
    <subfield code="h">[electronic resource] :</subfield>
    <subfield code="b">Wednesday, September 6th. first day. Began at 6 o'clock in the morning, with a grand discharge of cannon, ringing of bells, &amp;c. At seven, o'clock a grand seranade consisting of guittars, German flutes, &amp;c. accompanied with several good voices. At nine o'clock, was a public breakfast at the Town-Hall; during which, the drums of the Warwickshire Militia, beat several fine marches, accompanied by the fifes. ...</subfield>
  </datafield>
  <datafield tag="260" ind1=" " ind2=" ">
    <subfield code="a">[Stratford on Avon?] :</subfield>
    <subfield code="b">[Printed by Fulk Weale?],</subfield>
    <subfield code="c">[1769]</subfield>
  </datafield>
  <datafield tag="300" ind1=" " ind2=" ">
    <subfield code="a">1 sheet ;</subfield>
    <subfield code="c">fol..</subfield>
  </datafield>
  <datafield tag="336" ind1=" " ind2=" ">
    <subfield code="a">text</subfield>
    <subfield code="b">txt</subfield>
    <subfield code="2">rdacontent</subfield>
  </datafield>
  <datafield tag="337" ind1=" " ind2=" ">
    <subfield code="a">unmediated</subfield>
    <subfield code="b">bn</subfield>
    <subfield code="2">rdamedia</subfield>
  </datafield>
  <datafield tag="500" ind1=" " ind2=" ">
    <subfield code="a">This record was provided by a vendor. It may contain incorrect or incomplete information.</subfield>
    <subfield code="5">DFo</subfield>
  </datafield>
  <datafield tag="500" ind1=" " ind2=" ">
    <subfield code="a">A souvenir in the form of a playbill describing the celebrations at Stratford upon Avon on 6th-8th September 1769.</subfield>
  </datafield>
  <datafield tag="500" ind1=" " ind2=" ">
    <subfield code="a">The printer's name is suggested by comparison with the bill containing the first day's programme.</subfield>
  </datafield>
  <datafield tag="500" ind1=" " ind2=" ">
    <subfield code="a">Reproduction of original from British Library.</subfield>
  </datafield>
  <datafield tag="510" ind1="4" ind2=" ">
    <subfield code="a">English Short Title Catalog (ESTC),</subfield>
    <subfield code="c">T48009</subfield>
  </datafield>
  <datafield tag="533" ind1=" " ind2=" ">
    <subfield code="a">Electronic reproduction.</subfield>
    <subfield code="b">Farmington Hills, Mich. :</subfield>
    <subfield code="c">Cengage Gale,</subfield>
    <subfield code="d">2009.</subfield>
    <subfield code="7">s2009    miunns</subfield>
  </datafield>
  <datafield tag="583" ind1="1" ind2=" ">
    <subfield code="a">batch edited</subfield>
    <subfield code="c">2022-12-08</subfield>
    <subfield code="k">EB</subfield>
    <subfield code="x">MarcEdit Task</subfield>
    <subfield code="2">local</subfield>
    <subfield code="5">DFo</subfield>
  </datafield>
  <datafield tag="583" ind1="1" ind2=" ">
    <subfield code="a">batch loaded</subfield>
    <subfield code="c">2022-12-08</subfield>
    <subfield code="k">EB</subfield>
    <subfield code="x">from edited vendor records</subfield>
    <subfield code="2">local</subfield>
    <subfield code="5">DFo</subfield>
  </datafield>
  <datafield tag="600" ind1="1" ind2="0">
    <subfield code="a">Shakespeare, William,</subfield>
    <subfield code="d">1564-1616</subfield>
    <subfield code="x">Anniversaries, etc.</subfield>
    <subfield code="0">sh 85120826</subfield>
    <subfield code="v">Early works to 1800.</subfield>
    <subfield code="0">sh 99001366 </subfield>
  </datafield>
  <datafield tag="752" ind1=" " ind2=" ">
    <subfield code="a">Great Britain</subfield>
    <subfield code="b">England.</subfield>
    <subfield code="2">naf</subfield>
  </datafield>
  <datafield tag="852" ind1="8" ind2=" ">
    <subfield code="a">US-DFo</subfield>
    <subfield code="b">EleRes</subfield>
    <subfield code="h">Available offsite via a Folger OpenAthens account</subfield>
  </datafield>
  <datafield tag="856" ind1="4" ind2="0">
    <subfield code="u">https://link.gale.com/apps/doc/CB0130294362/ECCO?sid=gale_marc&amp;u=wash46354</subfield>
  </datafield>
  <datafield tag="909" ind1="C" ind2="O">
    <subfield code="o">oai:catalog.folger.edu:901238</subfield>
    <subfield code="p">GLOBAL_SET</subfield>
  </datafield>
  <datafield tag="912" ind1=" " ind2=" ">
    <subfield code="a">1569301200</subfield>
  </datafield>
  <datafield tag="980" ind1=" " ind2=" ">
    <subfield code="a">BIB</subfield>
  </datafield>
  <datafield tag="983" ind1=" " ind2=" ">
    <subfield code="a">Online</subfield>
  </datafield>
</record>
<record>
  <controlfield tag="000">01535cam\a2200325u\\4500</controlfield>
  <controlfield tag="001">37356</controlfield>
  <controlfield tag="005">20251009063158.0</controlfield>
  <controlfield tag="008">860723s1916\\\\nyuaef\\\\\\\\000\0\eng\\</controlfield>
  <datafield tag="010" ind1=" " ind2=" ">
    <subfield code="a">   16009151 </subfield>
  </datafield>
  <datafield tag="035" ind1=" " ind2=" ">
    <subfield code="9">DCFGRLA48083-B</subfield>
  </datafield>
  <datafield tag="040" ind1=" " ind2=" ">
    <subfield code="c">NNC</subfield>
    <subfield code="d">NNC</subfield>
    <subfield code="d">IaU</subfield>
    <subfield code="d">UPRA</subfield>
    <subfield code="d">CStRLIN</subfield>
    <subfield code="d">UtOrBLW</subfield>
  </datafield>
  <datafield tag="050" ind1="0" ind2="0">
    <subfield code="a">PS3525.A25</subfield>
    <subfield code="b">C25 1916</subfield>
  </datafield>
  <datafield tag="090" ind1=" " ind2=" ">
    <subfield code="a">PR2923</subfield>
    <subfield code="b">1916.M2</subfield>
  </datafield>
  <datafield tag="100" ind1="1" ind2=" ">
    <subfield code="a">MacKaye, Percy,</subfield>
    <subfield code="d">1875-1956,</subfield>
    <subfield code="0">n  50041470,</subfield>
    <subfield code="e">author.</subfield>
  </datafield>
  <datafield tag="245" ind1="1" ind2="0">
    <subfield code="a">Caliban by the yellow sands /</subfield>
    <subfield code="c">by Percy MacKaye.</subfield>
  </datafield>
  <datafield tag="260" ind1=" " ind2=" ">
    <subfield code="a">Garden City, New York :</subfield>
    <subfield code="b">Doubleday, Page &amp; Company,</subfield>
    <subfield code="c">1916.</subfield>
  </datafield>
  <datafield tag="300" ind1=" " ind2=" ">
    <subfield code="a">xxxii, 223, [1] p. :</subfield>
    <subfield code="b">1 ill., plans, incl. front., plates ;</subfield>
    <subfield code="c">20 cm</subfield>
  </datafield>
  <datafield tag="336" ind1=" " ind2=" ">
    <subfield code="a">text</subfield>
    <subfield code="b">txt</subfield>
    <subfield code="2">rdacontent</subfield>
  </datafield>
  <datafield tag="337" ind1=" " ind2=" ">
    <subfield code="a">unmediated</subfield>
    <subfield code="b">n</subfield>
    <subfield code="2">rdamedia</subfield>
  </datafield>
  <datafield tag="340" ind1=" " ind2=" ">
    <subfield code="p">illustration</subfield>
    <subfield code="p">plan</subfield>
    <subfield code="2">rdaill</subfield>
  </datafield>
  <datafield tag="340" ind1=" " ind2=" ">
    <subfield code="p">plate</subfield>
    <subfield code="p">frontispiece</subfield>
  </datafield>
  <datafield tag="500" ind1=" " ind2=" ">
    <subfield code="a">"A community masque of the art of the theatre, devised and written to commemorate the tercentenary of the death of Shakespeare."</subfield>
  </datafield>
  <datafield tag="500" ind1=" " ind2=" ">
    <subfield code="a">"Endorsed by the Drama League of America."</subfield>
  </datafield>
  <datafield tag="530" ind1=" " ind2=" ">
    <subfield code="a">Portions also available as a digital reproduction.</subfield>
  </datafield>
  <datafield tag="583" ind1="0" ind2=" ">
    <subfield code="a">revised</subfield>
    <subfield code="c">2022-07</subfield>
    <subfield code="k">EEW</subfield>
    <subfield code="n">1</subfield>
    <subfield code="o">link</subfield>
    <subfield code="x">Luna</subfield>
    <subfield code="2">local</subfield>
    <subfield code="5">DFo</subfield>
  </datafield>
  <datafield tag="585" ind1=" " ind2=" ">
    <subfield code="a">Washington, D.C., Folger Shakespeare Library, 2007. Shakespeare in American Life.</subfield>
    <subfield code="5">DFo</subfield>
  </datafield>
  <datafield tag="585" ind1=" " ind2=" ">
    <subfield code="a">Washington, D.C., Folger Shakespeare Library, 2016. America's Shakespeare. closed.</subfield>
    <subfield code="5">DFo</subfield>
  </datafield>
  <datafield tag="600" ind1="1" ind2="0">
    <subfield code="a">Shakespeare, William,</subfield>
    <subfield code="d">1564-1616</subfield>
    <subfield code="x">Anniversaries, etc.</subfield>
    <subfield code="0">sh 85120826 </subfield>
  </datafield>
  <datafield tag="650" ind1=" " ind2="0">
    <subfield code="a">Masques.</subfield>
    <subfield code="0">sh 85081842 </subfield>
  </datafield>
  <datafield tag="752" ind1=" " ind2=" ">
    <subfield code="a">United States</subfield>
    <subfield code="b">New York (State)</subfield>
    <subfield code="d">New York.</subfield>
    <subfield code="2">naf</subfield>
  </datafield>
  <datafield tag="852" ind1="0" ind2=" ">
    <subfield code="a">US-DFo</subfield>
    <subfield code="b">DeckB-Mod</subfield>
    <subfield code="h">PR2923</subfield>
    <subfield code="i">1916.M2</subfield>
    <subfield code="7">38624</subfield>
  </datafield>
  <datafield tag="856" ind1="4" ind2="1">
    <subfield code="u">https://digitalcollections.folger.edu/img10565</subfield>
    <subfield code="z">Digital image(s) of Folger Shakespeare Library PR2923 1916.M2</subfield>
  </datafield>
  <datafield tag="909" ind1="C" ind2="O">
    <subfield code="o">oai:catalog.folger.edu:37356</subfield>
    <subfield code="p">GLOBAL_SET</subfield>
  </datafield>
  <datafield tag="950" ind1=" " ind2=" ">
    <subfield code="l">MOD</subfield>
  </datafield>
  <datafield tag="955" ind1=" " ind2=" ">
    <subfield code="l">MOD</subfield>
    <subfield code="q">cs703</subfield>
  </datafield>
  <datafield tag="980" ind1=" " ind2=" ">
    <subfield code="a">BIB</subfield>
  </datafield>
  <datafield tag="983" ind1=" " ind2=" ">
    <subfield code="a">Open stacks</subfield>
  </datafield>
  <datafield tag="983" ind1=" " ind2=" ">
    <subfield code="a">Online</subfield>
  </datafield>
  <datafield tag="998" ind1=" " ind2=" ">
    <subfield code="a">02/21/96</subfield>
    <subfield code="t">c</subfield>
    <subfield code="s">9665</subfield>
    <subfield code="n">DFo</subfield>
    <subfield code="w">IAUG86B77664</subfield>
    <subfield code="d">02/21/96</subfield>
    <subfield code="l">DCFG</subfield>
  </datafield>
</record>
<record>
  <controlfield tag="000">02088cam\a2200385ua\4500</controlfield>
  <controlfield tag="001">30651</controlfield>
  <controlfield tag="005">20251009062349.0</controlfield>
  <controlfield tag="008">921026s1911\\\\enkacf\\\\\\\\000\0\eng\\</controlfield>
  <datafield tag="010" ind1=" " ind2=" ">
    <subfield code="a">   33028894 </subfield>
  </datafield>
  <datafield tag="035" ind1=" " ind2=" ">
    <subfield code="9">DCFGRLA41000-B</subfield>
  </datafield>
  <datafield tag="040" ind1=" " ind2=" ">
    <subfield code="a">DLC</subfield>
    <subfield code="c">TxU</subfield>
    <subfield code="d">m.c.</subfield>
    <subfield code="d">CU-BANC</subfield>
    <subfield code="d">CStRLIN</subfield>
    <subfield code="d">NN</subfield>
    <subfield code="d">UPRA</subfield>
    <subfield code="d">DFo</subfield>
    <subfield code="d">UtOrBLW</subfield>
  </datafield>
  <datafield tag="050" ind1="0" ind2="0">
    <subfield code="a">PR2923 1911</subfield>
    <subfield code="b">.L6</subfield>
  </datafield>
  <datafield tag="082" ind1="0" ind2="0">
    <subfield code="a">822.33</subfield>
  </datafield>
  <datafield tag="090" ind1=" " ind2=" ">
    <subfield code="a">ART Vol. f231</subfield>
  </datafield>
  <datafield tag="245" ind1="0" ind2="0">
    <subfield code="a">Shakespeare memorial souvenir of the Shakespeare Ball /</subfield>
    <subfield code="c">edited by Mrs. George Cornwallis-West.</subfield>
  </datafield>
  <datafield tag="260" ind1=" " ind2=" ">
    <subfield code="a">London ;</subfield>
    <subfield code="a">New York :</subfield>
    <subfield code="b">Published for the Shakespeare Ball Committee, by F. Warne &amp; Co.,</subfield>
    <subfield code="c">[1911?]</subfield>
  </datafield>
  <datafield tag="300" ind1=" " ind2=" ">
    <subfield code="a">49, [1] p., leaves of plates :</subfield>
    <subfield code="b">ill. (1 col.), ports. (some col.) ;</subfield>
    <subfield code="c">36 cm</subfield>
  </datafield>
  <datafield tag="336" ind1=" " ind2=" ">
    <subfield code="a">text</subfield>
    <subfield code="b">txt</subfield>
    <subfield code="2">rdacontent</subfield>
  </datafield>
  <datafield tag="337" ind1=" " ind2=" ">
    <subfield code="a">unmediated</subfield>
    <subfield code="b">n</subfield>
    <subfield code="2">rdamedia</subfield>
  </datafield>
  <datafield tag="340" ind1=" " ind2=" ">
    <subfield code="p">illustration</subfield>
    <subfield code="p">portrait</subfield>
    <subfield code="2">rdaill</subfield>
  </datafield>
  <datafield tag="340" ind1=" " ind2=" ">
    <subfield code="p">plate</subfield>
  </datafield>
  <datafield tag="500" ind1=" " ind2=" ">
    <subfield code="a">At head of title: 1616-1916.</subfield>
  </datafield>
  <datafield tag="500" ind1=" " ind2=" ">
    <subfield code="a">Illustrated title page</subfield>
  </datafield>
  <datafield tag="500" ind1=" " ind2=" ">
    <subfield code="a">Half title: Souvenir of the Shakespeare Ball held at the Albert Hall June 20, 1911, in support of the Shakespeare Memorial Fund.</subfield>
  </datafield>
  <datafield tag="500" ind1=" " ind2=" ">
    <subfield code="a">Contributions by G. Bernard Shaw, G.K. Chesterton, C. Lewis Hind, Anthony Hope, I. Gollancz and others.</subfield>
  </datafield>
  <datafield tag="500" ind1=" " ind2=" ">
    <subfield code="a">With portraits of British nobility in Shakespearean costume.</subfield>
  </datafield>
  <datafield tag="530" ind1=" " ind2=" ">
    <subfield code="a">Portions also available as a digital reproduction.</subfield>
  </datafield>
  <datafield tag="583" ind1="0" ind2=" ">
    <subfield code="a">revised</subfield>
    <subfield code="c">2018-09</subfield>
    <subfield code="k">EEW</subfield>
    <subfield code="n">1</subfield>
    <subfield code="o">link</subfield>
    <subfield code="x">Luna</subfield>
    <subfield code="2">local</subfield>
    <subfield code="5">DFo</subfield>
  </datafield>
  <datafield tag="585" ind1=" " ind2=" ">
    <subfield code="a">Washington, D.C., Folger Shakespeare Library, 2018-2019.  Churchill’s Shakespeare. Opening: pages 6-7</subfield>
  </datafield>
  <datafield tag="600" ind1="1" ind2="0">
    <subfield code="a">Shakespeare, William,</subfield>
    <subfield code="d">1564-1616</subfield>
    <subfield code="x">Anniversaries, etc.</subfield>
    <subfield code="0">sh 85120826 </subfield>
  </datafield>
  <datafield tag="700" ind1="1" ind2=" ">
    <subfield code="a">Churchill, Randolph Spencer,</subfield>
    <subfield code="c">Lady,</subfield>
    <subfield code="d">1854-1921.</subfield>
    <subfield code="0">n  50041481 </subfield>
  </datafield>
  <datafield tag="710" ind1="2" ind2=" ">
    <subfield code="a">Shakespeare Ball Committee.</subfield>
  </datafield>
  <datafield tag="752" ind1=" " ind2=" ">
    <subfield code="a">Great Britain</subfield>
    <subfield code="b">England</subfield>
    <subfield code="d">London.</subfield>
    <subfield code="2">naf</subfield>
  </datafield>
  <datafield tag="852" ind1="8" ind2=" ">
    <subfield code="a">US-DFo</subfield>
    <subfield code="b">DeckB-Art</subfield>
    <subfield code="h">ART Vol. f231</subfield>
    <subfield code="x">Transferred from Deck B EGB 2006-09-12</subfield>
    <subfield code="z">Reclassified from PR2923 1911 .L6</subfield>
    <subfield code="x">EGB 2006-09-12</subfield>
    <subfield code="7">31521</subfield>
  </datafield>
  <datafield tag="856" ind1="4" ind2="1">
    <subfield code="u">https://digitalcollections.folger.edu/bib30651-31521</subfield>
    <subfield code="z">Digital image(s) of Folger Shakespeare Library ART Vol. f231</subfield>
  </datafield>
  <datafield tag="909" ind1="C" ind2="O">
    <subfield code="o">oai:catalog.folger.edu:30651</subfield>
    <subfield code="p">GLOBAL_SET</subfield>
  </datafield>
  <datafield tag="980" ind1=" " ind2=" ">
    <subfield code="a">BIB</subfield>
  </datafield>
  <datafield tag="983" ind1=" " ind2=" ">
    <subfield code="a">Online</subfield>
  </datafield>
  <datafield tag="983" ind1=" " ind2=" ">
    <subfield code="a">Vault</subfield>
  </datafield>
  <datafield tag="998" ind1=" " ind2=" ">
    <subfield code="a">02/21/96</subfield>
    <subfield code="t">c</subfield>
    <subfield code="s">9665</subfield>
    <subfield code="n">DFo</subfield>
    <subfield code="w">NYPG92B67844</subfield>
    <subfield code="d">02/21/96</subfield>
    <subfield code="l">DCFG</subfield>
  </datafield>
</record>
<record>
  <controlfield tag="000">01238cam\a22002891\\4500</controlfield>
  <controlfield tag="001">16768</controlfield>
  <controlfield tag="005">20251009055129.0</controlfield>
  <controlfield tag="008">940929s1965\\\\enk\\\\\\\\\\\\\\\|\eng\u</controlfield>
  <datafield tag="035" ind1=" " ind2=" ">
    <subfield code="a">(UPRA)tmp13875053</subfield>
  </datafield>
  <datafield tag="035" ind1=" " ind2=" ">
    <subfield code="9">DCFGRLA26303-B</subfield>
  </datafield>
  <datafield tag="035" ind1=" " ind2=" ">
    <subfield code="a">16768</subfield>
  </datafield>
  <datafield tag="040" ind1=" " ind2=" ">
    <subfield code="c">UPRA</subfield>
    <subfield code="d">CStRLIN</subfield>
    <subfield code="d">UtOrBLW</subfield>
  </datafield>
  <datafield tag="090" ind1=" " ind2=" ">
    <subfield code="a">PR2923 1964</subfield>
    <subfield code="b">.S6</subfield>
  </datafield>
  <datafield tag="110" ind1="2" ind2=" ">
    <subfield code="a">Sotheby &amp; Co. (London, England)</subfield>
    <subfield code="0">n  81107853 </subfield>
  </datafield>
  <datafield tag="245" ind1="1" ind2="0">
    <subfield code="a">Catalogue of modern drawings, paintings, sculpture tableaux and working models comprising the Shakespeare exhibition and panorama ... :</subfield>
    <subfield code="b">day of sale at Stratford-upon-Avon Saturday, 2nd October, 1965.</subfield>
  </datafield>
  <datafield tag="260" ind1=" " ind2=" ">
    <subfield code="a">[London] :</subfield>
    <subfield code="b">Sotheby &amp; Co.,</subfield>
    <subfield code="c">1965.</subfield>
  </datafield>
  <datafield tag="300" ind1=" " ind2=" ">
    <subfield code="a">28 p., plates ;</subfield>
    <subfield code="c">cm.</subfield>
  </datafield>
  <datafield tag="336" ind1=" " ind2=" ">
    <subfield code="a">text</subfield>
    <subfield code="b">txt</subfield>
    <subfield code="2">rdacontent</subfield>
  </datafield>
  <datafield tag="337" ind1=" " ind2=" ">
    <subfield code="a">unmediated</subfield>
    <subfield code="b">n</subfield>
    <subfield code="2">rdamedia</subfield>
  </datafield>
  <datafield tag="500" ind1=" " ind2=" ">
    <subfield code="a">Cover title.</subfield>
  </datafield>
  <datafield tag="500" ind1=" " ind2=" ">
    <subfield code="a">Includes a portrait of Shakespeare by Pablo Picasso.</subfield>
  </datafield>
  <datafield tag="600" ind1="1" ind2="0">
    <subfield code="a">Shakespeare, William,</subfield>
    <subfield code="d">1564-1616</subfield>
    <subfield code="x">Anniversaries, etc.</subfield>
    <subfield code="0">sh 85120826 </subfield>
  </datafield>
  <datafield tag="650" ind1=" " ind2="0">
    <subfield code="a">Catalogs</subfield>
    <subfield code="0">sh 85020898</subfield>
    <subfield code="x">Auction.</subfield>
  </datafield>
  <datafield tag="752" ind1=" " ind2=" ">
    <subfield code="a">Great Britain</subfield>
    <subfield code="b">England</subfield>
    <subfield code="d">London.</subfield>
    <subfield code="2">naf</subfield>
  </datafield>
  <datafield tag="852" ind1="0" ind2=" ">
    <subfield code="a">US-DFo</subfield>
    <subfield code="b">DeckB-Mod</subfield>
    <subfield code="h">PR2923 1964</subfield>
    <subfield code="i">.S6</subfield>
    <subfield code="7">17227</subfield>
  </datafield>
  <datafield tag="909" ind1="C" ind2="O">
    <subfield code="o">oai:catalog.folger.edu:16768</subfield>
    <subfield code="p">GLOBAL_SET</subfield>
  </datafield>
  <datafield tag="950" ind1=" " ind2=" ">
    <subfield code="l">MOD</subfield>
  </datafield>
  <datafield tag="955" ind1=" " ind2=" ">
    <subfield code="l">MOD</subfield>
    <subfield code="q">194903</subfield>
  </datafield>
  <datafield tag="980" ind1=" " ind2=" ">
    <subfield code="a">BIB</subfield>
  </datafield>
  <datafield tag="983" ind1=" " ind2=" ">
    <subfield code="a">Open stacks</subfield>
  </datafield>
  <datafield tag="998" ind1=" " ind2=" ">
    <subfield code="a">02/20/96</subfield>
    <subfield code="t">c</subfield>
    <subfield code="s">9665</subfield>
    <subfield code="n">DFo</subfield>
    <subfield code="w">DCFGRLA26303B</subfield>
    <subfield code="d">02/20/96</subfield>
    <subfield code="l">DCFG</subfield>
  </datafield>
</record>
<record>
  <controlfield tag="000">01483cam\a2200325u\\4500</controlfield>
  <controlfield tag="001">15246</controlfield>
  <controlfield tag="005">20251009054935.0</controlfield>
  <controlfield tag="008">870521s1916\\\\enkef\\\\\\\\\000\0\eng\\</controlfield>
  <datafield tag="010" ind1=" " ind2=" ">
    <subfield code="a">   17008580 </subfield>
  </datafield>
  <datafield tag="035" ind1=" " ind2=" ">
    <subfield code="a">(OCoLC)2792215</subfield>
  </datafield>
  <datafield tag="035" ind1=" " ind2=" ">
    <subfield code="a">(CU)GLAD84067366</subfield>
  </datafield>
  <datafield tag="035" ind1=" " ind2=" ">
    <subfield code="9">DCFGRLA24757-B</subfield>
  </datafield>
  <datafield tag="040" ind1=" " ind2=" ">
    <subfield code="a">DLC</subfield>
    <subfield code="c">MeLB</subfield>
    <subfield code="d">MeLB</subfield>
    <subfield code="d">m.c.</subfield>
    <subfield code="d">*m/c*</subfield>
    <subfield code="d">CU</subfield>
    <subfield code="d">CStRLIN</subfield>
    <subfield code="d">UPRA</subfield>
    <subfield code="d">UtOrBLW</subfield>
  </datafield>
  <datafield tag="043" ind1=" " ind2=" ">
    <subfield code="a">e-uk-en</subfield>
  </datafield>
  <datafield tag="050" ind1=" " ind2="0">
    <subfield code="a">PR3095</subfield>
    <subfield code="b">.P6</subfield>
  </datafield>
  <datafield tag="090" ind1=" " ind2=" ">
    <subfield code="a">Sh. misc. 1112</subfield>
  </datafield>
  <datafield tag="100" ind1="1" ind2=" ">
    <subfield code="a">Poel, William,</subfield>
    <subfield code="d">1852-1934,</subfield>
    <subfield code="0">n  50019515,</subfield>
    <subfield code="e">author.</subfield>
  </datafield>
  <datafield tag="245" ind1="1" ind2="0">
    <subfield code="a">Some notes on Shakespeare's stage and plays /</subfield>
    <subfield code="c">by William Poel.</subfield>
  </datafield>
  <datafield tag="260" ind1=" " ind2=" ">
    <subfield code="a">Manchester :</subfield>
    <subfield code="b">University press;</subfield>
    <subfield code="a">London ;</subfield>
    <subfield code="a">New York :</subfield>
    <subfield code="b">Longmans, Green,</subfield>
    <subfield code="c">1916.</subfield>
  </datafield>
  <datafield tag="300" ind1=" " ind2=" ">
    <subfield code="a">16 p. :</subfield>
    <subfield code="b">plan, 2 pl., fold. tab. ;</subfield>
    <subfield code="c">27 cm</subfield>
  </datafield>
  <datafield tag="336" ind1=" " ind2=" ">
    <subfield code="a">text</subfield>
    <subfield code="b">txt</subfield>
    <subfield code="2">rdacontent</subfield>
  </datafield>
  <datafield tag="337" ind1=" " ind2=" ">
    <subfield code="a">unmediated</subfield>
    <subfield code="b">n</subfield>
    <subfield code="2">rdamedia</subfield>
  </datafield>
  <datafield tag="340" ind1=" " ind2=" ">
    <subfield code="p">plan</subfield>
    <subfield code="2">rdaill</subfield>
  </datafield>
  <datafield tag="340" ind1=" " ind2=" ">
    <subfield code="p">plate</subfield>
    <subfield code="p">table</subfield>
  </datafield>
  <datafield tag="500" ind1=" " ind2=" ">
    <subfield code="a">"Reprinted from the Bulletin of the John Rylands library, April-Sept. 1916."</subfield>
  </datafield>
  <datafield tag="500" ind1=" " ind2=" ">
    <subfield code="a">"A chronology of Shakespeares play's showing where they were acted in London, 1591-1642": fold. table at end.</subfield>
  </datafield>
  <datafield tag="600" ind1="1" ind2="0">
    <subfield code="a">Shakespeare, William,</subfield>
    <subfield code="d">1564-1616</subfield>
    <subfield code="x">Stage history.</subfield>
    <subfield code="0">sh 85121041 </subfield>
  </datafield>
  <datafield tag="650" ind1=" " ind2="0">
    <subfield code="a">Theater</subfield>
    <subfield code="z">England</subfield>
    <subfield code="z">London</subfield>
    <subfield code="x">History.</subfield>
    <subfield code="0">sh2008112837</subfield>
  </datafield>
  <datafield tag="710" ind1="2" ind2=" ">
    <subfield code="a">John Rylands Library.</subfield>
    <subfield code="0">n  79099352 </subfield>
  </datafield>
  <datafield tag="752" ind1=" " ind2=" ">
    <subfield code="a">Great Britain</subfield>
    <subfield code="b">England.</subfield>
    <subfield code="2">naf</subfield>
  </datafield>
  <datafield tag="852" ind1="8" ind2=" ">
    <subfield code="a">US-DFo</subfield>
    <subfield code="b">DeckC-Rare</subfield>
    <subfield code="h">Sh.misc. 1112</subfield>
    <subfield code="7">15678</subfield>
  </datafield>
  <datafield tag="909" ind1="C" ind2="O">
    <subfield code="o">oai:catalog.folger.edu:15246</subfield>
    <subfield code="p">GLOBAL_SET</subfield>
  </datafield>
  <datafield tag="950" ind1=" " ind2=" ">
    <subfield code="l">MOD</subfield>
  </datafield>
  <datafield tag="955" ind1=" " ind2=" ">
    <subfield code="l">MOD</subfield>
    <subfield code="q">cs1249</subfield>
  </datafield>
  <datafield tag="980" ind1=" " ind2=" ">
    <subfield code="a">BIB</subfield>
  </datafield>
  <datafield tag="983" ind1=" " ind2=" ">
    <subfield code="a">Vault</subfield>
  </datafield>
  <datafield tag="998" ind1=" " ind2=" ">
    <subfield code="a">02/20/96</subfield>
    <subfield code="t">c</subfield>
    <subfield code="s">9665</subfield>
    <subfield code="n">DFo</subfield>
    <subfield code="w">CUBGGLAD84067366B</subfield>
    <subfield code="d">02/20/96</subfield>
    <subfield code="l">DCFG</subfield>
  </datafield>
</record>
<record>
  <controlfield tag="000">06272ctm\a2200181Ki\4500</controlfield>
  <controlfield tag="001">366819</controlfield>
  <controlfield tag="005">20251009114506.0</controlfield>
  <controlfield tag="008">191001q1930\\\\xx\\\\\\\\\\\\000\0\eng\d</controlfield>
  <datafield tag="040" ind1=" " ind2=" ">
    <subfield code="d">UtOrBLW</subfield>
  </datafield>
  <datafield tag="245" ind1="0" ind2="0">
    <subfield code="a">Lecture on late-Victorian Shakespeare production and the influence of William Poel</subfield>
    <subfield code="h">[manuscript] :</subfield>
    <subfield code="b">in two parts,</subfield>
    <subfield code="f">1930?.</subfield>
  </datafield>
  <datafield tag="300" ind1=" " ind2=" ">
    <subfield code="a">2 items</subfield>
  </datafield>
  <datafield tag="336" ind1=" " ind2=" ">
    <subfield code="a">text</subfield>
    <subfield code="b">txt</subfield>
    <subfield code="2">rdacontent</subfield>
  </datafield>
  <datafield tag="337" ind1=" " ind2=" ">
    <subfield code="a">unmediated</subfield>
    <subfield code="b">n</subfield>
    <subfield code="2">rdamedia</subfield>
  </datafield>
  <datafield tag="500" ind1=" " ind2=" ">
    <subfield code="a">This is a PRELIMINARY RECORD. It may contain incorrect information. Please email catalog@folger.edu for assistance</subfield>
    <subfield code="5">DFo</subfield>
  </datafield>
  <datafield tag="520" ind1=" " ind2=" ">
    <subfield code="a">Autograph draft of manuscript (incomplete) by William Hayman Cummings.</subfield>
  </datafield>
  <datafield tag="655" ind1=" " ind2="7">
    <subfield code="a">Manuscripts (documents)</subfield>
    <subfield code="0">300028569</subfield>
    <subfield code="2">aat</subfield>
  </datafield>
  <datafield tag="852" ind1="8" ind2=" ">
    <subfield code="a">US-DFo</subfield>
    <subfield code="b">DeckC-Rare</subfield>
    <subfield code="h">FAST ACC 271847</subfield>
    <subfield code="m">(flat)</subfield>
    <subfield code="7">514873</subfield>
    <subfield code="z">From dealer's description: "Lillah McCarthy [Lady Keeble] (1875-1960), actress associated with Bernard Shaw and her husband Harley Granville-Barker [William Poel  (1852-1934), pioneer director of Shakespeare] [Lillah McCarthy (Lady Keeble), actress, wife of Harley Granville-Barker, on William Poel.] Parts (one in autograph the other a printed proof) of an [unpublished?] lecture on late-Victorian Shakespeare production and the influence of William Poel.] [The Pioneer Club and The Writers' Club, London.] [1930s?]  Parts of the text of a lecture - apparently unpublished - by the actress and theatre manager Lillah McCarthy, wife and female lead of the innovative director Harley Granville-Barker, regarding late-Victorian practice in Shakespearian production, and the enormous positive influence of the Shakespearian director William Poel. In her autobiography McCarthy claims   that it is to Poel, the 'pioneer of modern Shakespeare production', that she owes 'more than to all the many others who have taught me'. According to the first of the two items, the lecture was given to two London clubs for women, the Writers' and the Pioneer. Both were established in 1892. The Pioneer, founded by Emily Massingberd, closed in 1939; and the Writers' some time in the 1920s. Both items in good condition, lightly aged. Item One with a vertical fold up one margin. The author is not named, but Item One is in McCarthy's autograph, and the two items are from her papers. ONE: Autograph draft of start of lecture on William Poel's influence on Shakespeare production, titled 'Poetry and Verse Speaking'. First page headed: 'Lecture Recital - to The Pioneer Club. &amp; Writers Club Ltd. Subject "Poetry &amp; Verse Speaking" Thursday Nov 13th. 7-15.' 3pp, 4to. The text of the lecture (paginated [1]-2) fills the whole of the first page, and breaks off five lines into the second. The third page lists the nine pieces (by Yeats, Blake, Keats and Shakespeare) which make up the 'Actual Programme - of Recital". In fair condition, creased and lightly aged. With a   few minor emendations. In the margin at the head of the lecture is the word 'Shakespeare'. It begins with McCarthy explaining that she is leaving the question of 'the art of Poetry &amp; the messages the Poets give [...] to the literary critics'. She will instead 'appeal' to the listeners for their   'interest in the art of Verse speaking', and she will 'begin by giving you a few Sonnets from Shakespeare'. A list of nine sonnets follows. She next turns to Poel, whom she states is responsible for the 'greatest Reform the English Stage has ever known'. For fifty years Poel 'fought a hard fight to bring back to the Stage the production of Shakespeare's plays [with] the   same simple, direct, production which Shakespeare himself used'. She claims that 'Shakespeare the Player-dramatist knew well the limitations of the Stage for which he wrote &amp; the kind of drama the Open Platform needed - He knew also that [for] his character to appear life like, must talk and act as people usually do &amp; not Represent them as if they were merely stage puppets. Or turn his plays into [second page begins here] Spectacular productions, or as they were being produced 50 years ago as Shaw described them as   Shakespearian Orgies. William Poel had a tremendous Fight to Restore to the Stage Shakespeares plays to their Original text.' The text ends here. TWO: Proof of earlier draft of continuation of the same lecture, with annotation by McCarthy directing that the greater part is to be omitted. 2pp, 8vo. Printed on both sides of one leaf, and paginated 3-4. All but eight out of a total of 89 lines (44 on p.3 and 45 on p.4) have been struck through in pencil, with autograph note by McCarthy 'Omit Rest of Page'. P.3 begins with a reworking of the conclusion of Item One above: '[...]ductions   which were presented to the public at that time in some of the important   London theatres, as "Shakespearian orgies," he denounced the practice of these star-actor managers who took unheard of pains to manufacture "business" to help out scenes that positively bristle with missed   Shakespearian points, and he said the occasional crimes against literature   are positively blasphemous.' This takes the text down to the seventh line of   the first page, and the rest of the item, until the last five words on p.4 ('The play is the [...]'), is deleted vy McCarthy. The deleted text includes the last sentence of Item One: 'William Poel had a tremendous fight to restore to the stage Shakespeare's plays to their original text.' The deleted passage of 81 lines begins with an example of 'the practice of these star-managers', from a production of 'Much Ado About Nothing' at His   Majesty's. Paraphrasing Shaw, she gives the 'thatched' visor exchange between 'Prince' and 'Hero'. Clearly unaware of the bawdy nature of the words, she marvels how 'the little scrap of their conversation that reaches us is exquisitely caught up at the end into a little thrill of verse'. The rest of the deleted passage concerns Sir Henry Irving and Ellen Terry, with lengthy quotations from the 'four lectures given by our greatest English actress, our beloved Ellen Terry. She knew that this ill treatment of Shakespeare's text was "barbarous." The theatre managers sacrificed the demands of art to the needs of the box office.' This includes Terry's reminiscence of her rejection of 'traditional business' suggested by 'Mr. Lacy' ('an actor of the old school'), and her distress at Irving forcing her to perform 'a traditional "gag"' at the Lyceum."|Ordered from Richard Ford, D9350, 2019-09-30, email quote.</subfield>
  </datafield>
  <datafield tag="909" ind1="C" ind2="O">
    <subfield code="o">oai:catalog.folger.edu:366819</subfield>
    <subfield code="p">GLOBAL_SET</subfield>
  </datafield>
  <datafield tag="980" ind1=" " ind2=" ">
    <subfield code="a">BIB</subfield>
  </datafield>
  <datafield tag="983" ind1=" " ind2=" ">
    <subfield code="a">Vault</subfield>
  </datafield>
</record>
<record>
  <controlfield tag="000">02332cam\a2200397Ia\4500</controlfield>
  <controlfield tag="001">14302</controlfield>
  <controlfield tag="005">20251009054801.0</controlfield>
  <controlfield tag="008">940927s1827\\\\enk\\\\\\\\\\\000\p\eng\d</controlfield>
  <datafield tag="035" ind1=" " ind2=" ">
    <subfield code="a">(OCoLC)ocm68901019</subfield>
  </datafield>
  <datafield tag="035" ind1=" " ind2=" ">
    <subfield code="a">(OCoLC)68901019</subfield>
  </datafield>
  <datafield tag="040" ind1=" " ind2=" ">
    <subfield code="a">EYM</subfield>
    <subfield code="b">eng</subfield>
    <subfield code="e">dcrmb</subfield>
    <subfield code="c">EYM</subfield>
    <subfield code="d">OCLCG</subfield>
    <subfield code="d">OCLCF</subfield>
    <subfield code="d">OCLCO</subfield>
    <subfield code="d">OCLCQ</subfield>
    <subfield code="d">UXG</subfield>
    <subfield code="d">UtOrBLW</subfield>
  </datafield>
  <datafield tag="100" ind1="1" ind2=" ">
    <subfield code="a">Bisset, J.</subfield>
    <subfield code="q">(James),</subfield>
    <subfield code="d">1762?-1832,</subfield>
    <subfield code="0">no 90004919,</subfield>
    <subfield code="e">author.</subfield>
  </datafield>
  <datafield tag="240" ind1="1" ind2="0">
    <subfield code="a">Jubilean dramatic pageant</subfield>
  </datafield>
  <datafield tag="245" ind1="1" ind2="4">
    <subfield code="a">The jubilean dramatic pageant :</subfield>
    <subfield code="b">containing the invitation, or the call of the counties, Shakespeare's dream, the sweet blossomed crab, the gossipping ghosts, and the joys of the jubilee : with a great variety of original comic sketches : respectfully inscribed to the president and members of the Stratford-on-Avon Shakesperian Society /</subfield>
    <subfield code="c">by J. Bisset, proprietor of the Paragon Picture Gallery, Leamington.</subfield>
  </datafield>
  <datafield tag="246" ind1="1" ind2="4">
    <subfield code="a">Bisset's (anticipated) joys of the Jubilee at Stratford-on-Avon, in commemoration of the anniversary birth day of the immortal Shakespeare</subfield>
  </datafield>
  <datafield tag="246" ind1="3" ind2=" ">
    <subfield code="a">Joys of the Jubilee</subfield>
  </datafield>
  <datafield tag="260" ind1=" " ind2=" ">
    <subfield code="a">Leamington :</subfield>
    <subfield code="b">Printed for the Author by John Fairfax, at the Original Spa Press, and sold by all eminent booksellers,</subfield>
    <subfield code="c">[1827]</subfield>
  </datafield>
  <datafield tag="300" ind1=" " ind2=" ">
    <subfield code="a">vi, 32, [2] pages ;</subfield>
    <subfield code="c">19 cm</subfield>
  </datafield>
  <datafield tag="336" ind1=" " ind2=" ">
    <subfield code="a">text</subfield>
    <subfield code="b">txt</subfield>
    <subfield code="2">rdacontent</subfield>
  </datafield>
  <datafield tag="337" ind1=" " ind2=" ">
    <subfield code="a">unmediated</subfield>
    <subfield code="b">n</subfield>
    <subfield code="2">rdamedia</subfield>
  </datafield>
  <datafield tag="338" ind1=" " ind2=" ">
    <subfield code="a">volume</subfield>
    <subfield code="b">nc</subfield>
    <subfield code="2">rdacarrier</subfield>
  </datafield>
  <datafield tag="500" ind1=" " ind2=" ">
    <subfield code="a">In original paper covers.</subfield>
  </datafield>
  <datafield tag="500" ind1=" " ind2=" ">
    <subfield code="a">"Price two shillings"--Title page.</subfield>
  </datafield>
  <datafield tag="500" ind1=" " ind2=" ">
    <subfield code="a">Date from Jaggard.</subfield>
  </datafield>
  <datafield tag="510" ind1="4" ind2=" ">
    <subfield code="a">Jaggard, W. Shakespeare bibliography,</subfield>
    <subfield code="c">p. 24</subfield>
  </datafield>
  <datafield tag="583" ind1="0" ind2=" ">
    <subfield code="a">recataloged</subfield>
    <subfield code="c">2018-11-01</subfield>
    <subfield code="k">SEH</subfield>
    <subfield code="n">1</subfield>
    <subfield code="o">piece</subfield>
    <subfield code="2">local</subfield>
    <subfield code="5">DFo</subfield>
  </datafield>
  <datafield tag="600" ind1="1" ind2="0">
    <subfield code="a">Shakespeare, William,</subfield>
    <subfield code="d">1564-1616</subfield>
    <subfield code="x">Anniversaries, etc.</subfield>
    <subfield code="0">sh 85120826</subfield>
    <subfield code="v">Poetry.</subfield>
    <subfield code="0">sh 99001678 </subfield>
  </datafield>
  <datafield tag="655" ind1=" " ind2="7">
    <subfield code="a">Poems.</subfield>
    <subfield code="0">300026451</subfield>
    <subfield code="2">aat</subfield>
  </datafield>
  <datafield tag="655" ind1=" " ind2="7">
    <subfield code="a">Songs.</subfield>
    <subfield code="0">cv01452</subfield>
    <subfield code="2">rbmscv</subfield>
  </datafield>
  <datafield tag="655" ind1=" " ind2="7">
    <subfield code="a">Insertions (Provenance)</subfield>
    <subfield code="0">cv00243</subfield>
    <subfield code="2">rbmscv</subfield>
    <subfield code="5">DFo</subfield>
  </datafield>
  <datafield tag="655" ind1=" " ind2="7">
    <subfield code="a">Clippings.</subfield>
    <subfield code="2">rbmscv</subfield>
    <subfield code="5">DFo</subfield>
  </datafield>
  <datafield tag="655" ind1=" " ind2="7">
    <subfield code="a">Book prices.</subfield>
    <subfield code="0">cv01030</subfield>
    <subfield code="2">rbmscv</subfield>
  </datafield>
  <datafield tag="700" ind1="1" ind2=" ">
    <subfield code="a">Fairfax, John,</subfield>
    <subfield code="d">1804-1877,</subfield>
    <subfield code="0">no2018152786,</subfield>
    <subfield code="e">printer.</subfield>
  </datafield>
  <datafield tag="752" ind1=" " ind2=" ">
    <subfield code="a">Great Britain</subfield>
    <subfield code="b">England</subfield>
    <subfield code="d">Leamington,</subfield>
    <subfield code="e">manufacture place,</subfield>
    <subfield code="e">publication place.</subfield>
    <subfield code="2">naf</subfield>
  </datafield>
  <datafield tag="852" ind1="8" ind2=" ">
    <subfield code="a">US-DFo</subfield>
    <subfield code="b">DeckC-Rare</subfield>
    <subfield code="h">Sh.Misc. 524</subfield>
    <subfield code="z">Publisher's printed blue paper wrapper. Inserted following page 10: page and clippings from a catalog by A. R. Smith, bookseller (Bisset's work is listed as number 1506). Manuscript note on A. R. Smith catalog page: Cat. 20, 1900.</subfield>
    <subfield code="7">14695</subfield>
    <subfield code="j">No case or accession number present</subfield>
  </datafield>
  <datafield tag="909" ind1="C" ind2="O">
    <subfield code="o">oai:catalog.folger.edu:14302</subfield>
    <subfield code="p">GLOBAL_SET</subfield>
  </datafield>
  <datafield tag="980" ind1=" " ind2=" ">
    <subfield code="a">BIB</subfield>
  </datafield>
  <datafield tag="983" ind1=" " ind2=" ">
    <subfield code="a">Vault</subfield>
  </datafield>
</record>
<record>
  <controlfield tag="000">01412cam\a22002891\\4500</controlfield>
  <controlfield tag="001">14350</controlfield>
  <controlfield tag="005">20251009054802.0</controlfield>
  <controlfield tag="008">800728s1858\\\\nyu\\\\\\\\\\\000\0\eng\d</controlfield>
  <datafield tag="035" ind1=" " ind2=" ">
    <subfield code="a">(MnU)MNUGRui123394326B</subfield>
  </datafield>
  <datafield tag="035" ind1=" " ind2=" ">
    <subfield code="9">DCFGRLA23866-B</subfield>
  </datafield>
  <datafield tag="040" ind1=" " ind2=" ">
    <subfield code="a">MnU</subfield>
    <subfield code="b">eng</subfield>
    <subfield code="c">CaOTULAS</subfield>
    <subfield code="d">UPRA</subfield>
    <subfield code="d">CStRLIN</subfield>
    <subfield code="d">UtOrBLW</subfield>
  </datafield>
  <datafield tag="050" ind1=" " ind2="4">
    <subfield code="a">PR4508C7</subfield>
    <subfield code="b">W3 1852</subfield>
  </datafield>
  <datafield tag="090" ind1=" " ind2=" ">
    <subfield code="a">Sh.Misc. 462</subfield>
  </datafield>
  <datafield tag="100" ind1="1" ind2=" ">
    <subfield code="a">Brougham, John,</subfield>
    <subfield code="d">1810-1880,</subfield>
    <subfield code="0">n  83008925,</subfield>
    <subfield code="e">author.</subfield>
  </datafield>
  <datafield tag="245" ind1="1" ind2="0">
    <subfield code="a">Shakespeare's dream :</subfield>
    <subfield code="b">an historic pageant, with an allegorical introduction /</subfield>
    <subfield code="c">by John Brougham.</subfield>
  </datafield>
  <datafield tag="260" ind1=" " ind2=" ">
    <subfield code="a">New York :</subfield>
    <subfield code="b">S. French,</subfield>
    <subfield code="c">[1858?]</subfield>
  </datafield>
  <datafield tag="300" ind1=" " ind2=" ">
    <subfield code="a">7 p. ;</subfield>
    <subfield code="c">cm.</subfield>
  </datafield>
  <datafield tag="336" ind1=" " ind2=" ">
    <subfield code="a">text</subfield>
    <subfield code="b">txt</subfield>
    <subfield code="2">rdacontent</subfield>
  </datafield>
  <datafield tag="337" ind1=" " ind2=" ">
    <subfield code="a">unmediated</subfield>
    <subfield code="b">n</subfield>
    <subfield code="2">rdamedia</subfield>
  </datafield>
  <datafield tag="490" ind1="1" ind2=" ">
    <subfield code="a">The Minor drama : The Acting edition ;</subfield>
    <subfield code="v">no. 164</subfield>
  </datafield>
  <datafield tag="500" ind1=" " ind2=" ">
    <subfield code="a">"To which are added a description of the costume - cast of the characters - entrances and exits - relative positions of the performers on the stage, and the whole of the stage business, as performed at the Academy of Music, N.Y., August 2, 1858."</subfield>
  </datafield>
  <datafield tag="600" ind1="1" ind2="0">
    <subfield code="a">Shakespeare, William,</subfield>
    <subfield code="d">1564-1616</subfield>
    <subfield code="x">In literature.</subfield>
    <subfield code="0">sh 85121060 </subfield>
  </datafield>
  <datafield tag="752" ind1=" " ind2=" ">
    <subfield code="a">United States</subfield>
    <subfield code="b">New York (State)</subfield>
    <subfield code="d">New York.</subfield>
    <subfield code="2">naf</subfield>
  </datafield>
  <datafield tag="830" ind1=" " ind2="0">
    <subfield code="a">French's minor drama ;</subfield>
    <subfield code="0">no 99038446 ;</subfield>
    <subfield code="v">no. 164.</subfield>
  </datafield>
  <datafield tag="852" ind1="8" ind2=" ">
    <subfield code="a">US-DFo</subfield>
    <subfield code="b">DeckC-Rare</subfield>
    <subfield code="h">Sh.misc. 462</subfield>
    <subfield code="7">14744</subfield>
  </datafield>
  <datafield tag="909" ind1="C" ind2="O">
    <subfield code="o">oai:catalog.folger.edu:14350</subfield>
    <subfield code="p">GLOBAL_SET</subfield>
  </datafield>
  <datafield tag="950" ind1=" " ind2=" ">
    <subfield code="l">MOD</subfield>
  </datafield>
  <datafield tag="955" ind1=" " ind2=" ">
    <subfield code="l">MOD</subfield>
    <subfield code="q">cs1495</subfield>
  </datafield>
  <datafield tag="980" ind1=" " ind2=" ">
    <subfield code="a">BIB</subfield>
  </datafield>
  <datafield tag="983" ind1=" " ind2=" ">
    <subfield code="a">Vault</subfield>
  </datafield>
  <datafield tag="998" ind1=" " ind2=" ">
    <subfield code="a">02/20/96</subfield>
    <subfield code="t">c</subfield>
    <subfield code="s">9665</subfield>
    <subfield code="n">DFo</subfield>
    <subfield code="w">MNUGRUI123394326B</subfield>
    <subfield code="d">02/20/96</subfield>
    <subfield code="l">DCFG</subfield>
  </datafield>
</record>
<record>
  <controlfield tag="000">01300ctm\a2200277Ii\4500</controlfield>
  <controlfield tag="001">231392</controlfield>
  <controlfield tag="005">20251009102628.0</controlfield>
  <controlfield tag="008">100201r19021902xx\\\\\\\\\\\\000\0\eng\d</controlfield>
  <datafield tag="035" ind1=" " ind2=" ">
    <subfield code="a">(OCoLC)ocn503005639</subfield>
  </datafield>
  <datafield tag="035" ind1=" " ind2=" ">
    <subfield code="a">(OCoLC)503005639</subfield>
  </datafield>
  <datafield tag="040" ind1=" " ind2=" ">
    <subfield code="a">DFo</subfield>
    <subfield code="c">UXG</subfield>
    <subfield code="d">UtOrBLW</subfield>
  </datafield>
  <datafield tag="049" ind1=" " ind2=" ">
    <subfield code="a">UXGA</subfield>
  </datafield>
  <datafield tag="100" ind1="1" ind2=" ">
    <subfield code="a">Irving, Henry,</subfield>
    <subfield code="c">Sir,</subfield>
    <subfield code="d">1838-1905,</subfield>
    <subfield code="0">n  81059736,</subfield>
    <subfield code="e">author.</subfield>
  </datafield>
  <datafield tag="245" ind1="1" ind2="4">
    <subfield code="a">The study of Shakespeare in small communities</subfield>
    <subfield code="h">[manuscript],</subfield>
    <subfield code="f">1902 /</subfield>
    <subfield code="c">by Sir Henry Irving.</subfield>
  </datafield>
  <datafield tag="300" ind1=" " ind2=" ">
    <subfield code="a">6 leaves ;</subfield>
    <subfield code="c">18 x 12 cm</subfield>
  </datafield>
  <datafield tag="336" ind1=" " ind2=" ">
    <subfield code="a">text</subfield>
    <subfield code="b">txt</subfield>
    <subfield code="2">rdacontent</subfield>
  </datafield>
  <datafield tag="337" ind1=" " ind2=" ">
    <subfield code="a">unmediated</subfield>
    <subfield code="b">n</subfield>
    <subfield code="2">rdamedia</subfield>
  </datafield>
  <datafield tag="500" ind1=" " ind2=" ">
    <subfield code="a">3 bifolia, arranged as a booklet but unbound.</subfield>
  </datafield>
  <datafield tag="520" ind1="2" ind2=" ">
    <subfield code="a">Contemporary copy of Irving's essay, in which he explains the benefits of reading Shakespeare aloud. Note below title: "contributed to the Christmas number of the Windsor magazine, 1902."</subfield>
  </datafield>
  <datafield tag="541" ind1="1" ind2=" ">
    <subfield code="a">Purchased from David Low, 1976.</subfield>
  </datafield>
  <datafield tag="561" ind1="1" ind2=" ">
    <subfield code="a">Formerly Folger MS Add 701.</subfield>
  </datafield>
  <datafield tag="600" ind1="1" ind2="0">
    <subfield code="a">Shakespeare, William,</subfield>
    <subfield code="d">1564-1616</subfield>
    <subfield code="x">Study and teaching</subfield>
    <subfield code="0">sh 85121046</subfield>
    <subfield code="v">Manuscripts.</subfield>
  </datafield>
  <datafield tag="655" ind1=" " ind2="7">
    <subfield code="a">Manuscripts (documents)</subfield>
    <subfield code="0">300028569</subfield>
    <subfield code="2">aat</subfield>
  </datafield>
  <datafield tag="730" ind1="0" ind2=" ">
    <subfield code="a">Windsor magazine.</subfield>
    <subfield code="0">n 2006014709</subfield>
  </datafield>
  <datafield tag="852" ind1="8" ind2=" ">
    <subfield code="a">US-DFo</subfield>
    <subfield code="b">DeckC-Rare</subfield>
    <subfield code="h">Y.d.1057</subfield>
    <subfield code="x">nss 200907</subfield>
    <subfield code="7">280363</subfield>
    <subfield code="j">MS Add 701</subfield>
  </datafield>
  <datafield tag="909" ind1="C" ind2="O">
    <subfield code="o">oai:catalog.folger.edu:231392</subfield>
    <subfield code="p">GLOBAL_SET</subfield>
  </datafield>
  <datafield tag="980" ind1=" " ind2=" ">
    <subfield code="a">BIB</subfield>
  </datafield>
  <datafield tag="983" ind1=" " ind2=" ">
    <subfield code="a">Vault</subfield>
  </datafield>
  <datafield tag="994" ind1=" " ind2=" ">
    <subfield code="a">C0</subfield>
    <subfield code="b">UXG</subfield>
  </datafield>
</record>
<record>
  <controlfield tag="000">01613cam\a2200337\\\4500</controlfield>
  <controlfield tag="001">838689</controlfield>
  <controlfield tag="005">20251009174905.0</controlfield>
  <controlfield tag="006">m|||||o||d||||||||</controlfield>
  <controlfield tag="007">cr\un|---uuuua</controlfield>
  <controlfield tag="008">791123s1790\\\\enk||||\o\\\\\00|\||eng\c</controlfield>
  <datafield tag="035" ind1=" " ind2=" ">
    <subfield code="a">(ecco)T63030</subfield>
  </datafield>
  <datafield tag="040" ind1=" " ind2=" ">
    <subfield code="a">Uk-ES</subfield>
    <subfield code="c">Uk-ES</subfield>
    <subfield code="d">CStRLIN</subfield>
    <subfield code="d">CU-RivES</subfield>
    <subfield code="d">Cengage Gale</subfield>
    <subfield code="d">UtOrBLW</subfield>
  </datafield>
  <datafield tag="100" ind1="1" ind2=" ">
    <subfield code="a">Shakespeare, William,</subfield>
    <subfield code="d">1564-1616,</subfield>
    <subfield code="0">n  78095332,</subfield>
    <subfield code="e">author.</subfield>
  </datafield>
  <datafield tag="245" ind1="1" ind2="0">
    <subfield code="a">Much ado about nothing</subfield>
    <subfield code="h">[electronic resource] :</subfield>
    <subfield code="b">A comedy. Written by Shakespeare. Taken from the manager's book at the Theatre Royal, Drury-Lane.</subfield>
  </datafield>
  <datafield tag="260" ind1=" " ind2=" ">
    <subfield code="a">London :</subfield>
    <subfield code="b">Printed by R. Butters, No. 79, Fleet-Street, and sold by all booksellers in town and country,</subfield>
    <subfield code="c">[1790?]</subfield>
  </datafield>
  <datafield tag="300" ind1=" " ind2=" ">
    <subfield code="a">44 p.,plate :</subfield>
    <subfield code="b">port. ;</subfield>
    <subfield code="c">12mo.</subfield>
  </datafield>
  <datafield tag="336" ind1=" " ind2=" ">
    <subfield code="a">text</subfield>
    <subfield code="b">txt</subfield>
    <subfield code="2">rdacontent</subfield>
  </datafield>
  <datafield tag="337" ind1=" " ind2=" ">
    <subfield code="a">unmediated</subfield>
    <subfield code="b">bn</subfield>
    <subfield code="2">rdamedia</subfield>
  </datafield>
  <datafield tag="500" ind1=" " ind2=" ">
    <subfield code="a">This record was provided by a vendor. It may contain incorrect or incomplete information.</subfield>
    <subfield code="5">DFo</subfield>
  </datafield>
  <datafield tag="500" ind1=" " ind2=" ">
    <subfield code="a">Reproduction of original from British Library.</subfield>
  </datafield>
  <datafield tag="509" ind1=" " ind2=" ">
    <subfield code="a">P. 9 misnumbered 6</subfield>
  </datafield>
  <datafield tag="510" ind1="4" ind2=" ">
    <subfield code="a">English Short Title Catalog (ESTC),</subfield>
    <subfield code="c">T63030</subfield>
  </datafield>
  <datafield tag="533" ind1=" " ind2=" ">
    <subfield code="a">Electronic reproduction.</subfield>
    <subfield code="b">Farmington Hills, Mich. :</subfield>
    <subfield code="c">Cengage Gale,</subfield>
    <subfield code="d">2009.</subfield>
    <subfield code="7">s2009    miunns</subfield>
  </datafield>
  <datafield tag="583" ind1="1" ind2=" ">
    <subfield code="a">batch edited</subfield>
    <subfield code="c">2022-12-08</subfield>
    <subfield code="k">EB</subfield>
    <subfield code="x">MarcEdit Task</subfield>
    <subfield code="2">local</subfield>
    <subfield code="5">DFo</subfield>
  </datafield>
  <datafield tag="583" ind1="1" ind2=" ">
    <subfield code="a">batch loaded</subfield>
    <subfield code="c">2022-12-08</subfield>
    <subfield code="k">EB</subfield>
    <subfield code="x">from edited vendor records</subfield>
    <subfield code="2">local</subfield>
    <subfield code="5">DFo</subfield>
  </datafield>
  <datafield tag="600" ind1="1" ind2="0">
    <subfield code="a">Shakespeare, William,</subfield>
    <subfield code="d">1564-1616</subfield>
    <subfield code="x">Stage history.</subfield>
    <subfield code="0">sh 85121041 </subfield>
  </datafield>
  <datafield tag="752" ind1=" " ind2=" ">
    <subfield code="a">Great Britain</subfield>
    <subfield code="b">England</subfield>
    <subfield code="d">London.</subfield>
  </datafield>
  <datafield tag="852" ind1="8" ind2=" ">
    <subfield code="a">US-DFo</subfield>
    <subfield code="b">EleRes</subfield>
    <subfield code="h">Available offsite via a Folger OpenAthens account</subfield>
  </datafield>
  <datafield tag="856" ind1="4" ind2="0">
    <subfield code="u">https://link.gale.com/apps/doc/CW0114390006/ECCO?sid=gale_marc&amp;u=wash46354</subfield>
  </datafield>
  <datafield tag="909" ind1="C" ind2="O">
    <subfield code="o">oai:catalog.folger.edu:838689</subfield>
    <subfield code="p">GLOBAL_SET</subfield>
  </datafield>
  <datafield tag="912" ind1=" " ind2=" ">
    <subfield code="a">0670001800</subfield>
  </datafield>
  <datafield tag="980" ind1=" " ind2=" ">
    <subfield code="a">BIB</subfield>
  </datafield>
  <datafield tag="983" ind1=" " ind2=" ">
    <subfield code="a">Online</subfield>
  </datafield>
</record>
<record>
  <controlfield tag="000">01143cam\a2200265\a\4500</controlfield>
  <controlfield tag="001">64550</controlfield>
  <controlfield tag="005">20251009071625.0</controlfield>
  <controlfield tag="008">931207s1916\\\\gau\\\\\\\\\\\00\\0\eng\d</controlfield>
  <datafield tag="035" ind1=" " ind2=" ">
    <subfield code="9">DCFG93-B15468</subfield>
  </datafield>
  <datafield tag="040" ind1=" " ind2=" ">
    <subfield code="a">DFo</subfield>
    <subfield code="c">DFo</subfield>
    <subfield code="d">UtOrBLW</subfield>
  </datafield>
  <datafield tag="090" ind1=" " ind2=" ">
    <subfield code="b">PROMPT P5</subfield>
    <subfield code="f">cs802</subfield>
    <subfield code="i">12/09/93 C</subfield>
  </datafield>
  <datafield tag="100" ind1="1" ind2=" ">
    <subfield code="a">Carroll, Armond,</subfield>
    <subfield code="e">author.</subfield>
  </datafield>
  <datafield tag="245" ind1="1" ind2="2">
    <subfield code="a">A pageant and masque for the Shakespeare tercentenary :</subfield>
    <subfield code="b">as produced in Piedmont Park, Atlanta, May MCMXVI ... /</subfield>
    <subfield code="c">book by Armond Carroll.</subfield>
  </datafield>
  <datafield tag="260" ind1=" " ind2=" ">
    <subfield code="a">[Atlanta] :</subfield>
    <subfield code="b">Published by the Atlanta Center Drama League of America,</subfield>
    <subfield code="c">©1916.</subfield>
  </datafield>
  <datafield tag="300" ind1=" " ind2=" ">
    <subfield code="a">[43] leaves ;</subfield>
    <subfield code="c">24 cm</subfield>
  </datafield>
  <datafield tag="336" ind1=" " ind2=" ">
    <subfield code="a">text</subfield>
    <subfield code="b">txt</subfield>
    <subfield code="2">rdacontent</subfield>
  </datafield>
  <datafield tag="337" ind1=" " ind2=" ">
    <subfield code="a">unmediated</subfield>
    <subfield code="b">n</subfield>
    <subfield code="2">rdamedia</subfield>
  </datafield>
  <datafield tag="600" ind1="1" ind2="0">
    <subfield code="a">Shakespeare, William,</subfield>
    <subfield code="d">1564-1616</subfield>
    <subfield code="x">Anniversaries, etc.</subfield>
    <subfield code="0">sh 85120826 </subfield>
  </datafield>
  <datafield tag="710" ind1="2" ind2=" ">
    <subfield code="a">Drama League of America.</subfield>
    <subfield code="b">Atlanta Center.</subfield>
  </datafield>
  <datafield tag="852" ind1="8" ind2=" ">
    <subfield code="a">US-DFo</subfield>
    <subfield code="b">DeckC-Rare</subfield>
    <subfield code="h">PROMPT P5</subfield>
    <subfield code="7">66010</subfield>
    <subfield code="z">T.p. in manuscript pencil.</subfield>
    <subfield code="z">Text cut out and pasted to blank leaves.</subfield>
    <subfield code="z">Mainly manuscript notes concerning music.</subfield>
    <subfield code="z">5 blank leaves at end.</subfield>
  </datafield>
  <datafield tag="909" ind1="C" ind2="O">
    <subfield code="o">oai:catalog.folger.edu:64550</subfield>
    <subfield code="p">GLOBAL_SET</subfield>
  </datafield>
  <datafield tag="950" ind1=" " ind2=" ">
    <subfield code="l">RARE</subfield>
    <subfield code="i">12/09/93 C</subfield>
  </datafield>
  <datafield tag="980" ind1=" " ind2=" ">
    <subfield code="a">BIB</subfield>
  </datafield>
  <datafield tag="983" ind1=" " ind2=" ">
    <subfield code="a">Vault</subfield>
  </datafield>
  <datafield tag="998" ind1=" " ind2=" ">
    <subfield code="a">12/09/93</subfield>
    <subfield code="t">c</subfield>
    <subfield code="s">9114</subfield>
    <subfield code="n">DFo</subfield>
    <subfield code="w">DCFG93B15468</subfield>
    <subfield code="d">12/07/93</subfield>
    <subfield code="b">JM</subfield>
    <subfield code="l">DCFG</subfield>
  </datafield>
</record>
<record>
  <controlfield tag="000">01826cam\a2200337\i\4500</controlfield>
  <controlfield tag="001">352556</controlfield>
  <controlfield tag="005">20251009113036.0</controlfield>
  <controlfield tag="008">170728t20172017ilua\\\\\\\\\\000\0\eng\c</controlfield>
  <datafield tag="020" ind1=" " ind2=" ">
    <subfield code="a">9781539329848</subfield>
  </datafield>
  <datafield tag="020" ind1=" " ind2=" ">
    <subfield code="a">1539329844</subfield>
  </datafield>
  <datafield tag="035" ind1=" " ind2=" ">
    <subfield code="a">(OCoLC)ocn995371519</subfield>
  </datafield>
  <datafield tag="040" ind1=" " ind2=" ">
    <subfield code="a">IBV</subfield>
    <subfield code="b">eng</subfield>
    <subfield code="e">rda</subfield>
    <subfield code="c">IBV</subfield>
    <subfield code="d">OCLCF</subfield>
    <subfield code="d">UXG</subfield>
    <subfield code="d">UtOrBLW</subfield>
  </datafield>
  <datafield tag="042" ind1=" " ind2=" ">
    <subfield code="a">pcc</subfield>
  </datafield>
  <datafield tag="043" ind1=" " ind2=" ">
    <subfield code="a">n-us-il</subfield>
  </datafield>
  <datafield tag="050" ind1=" " ind2="4">
    <subfield code="a">PR2923</subfield>
    <subfield code="b">.S53 2017</subfield>
  </datafield>
  <datafield tag="245" ind1="0" ind2="0">
    <subfield code="a">Shakespeare 400 Chicago :</subfield>
    <subfield code="b">reflections on a city's celebration of Shakespeare.</subfield>
  </datafield>
  <datafield tag="264" ind1=" " ind2="1">
    <subfield code="a">Chicago, IL :</subfield>
    <subfield code="b">Chicago Shakespeare Theater,</subfield>
    <subfield code="c">[2017]</subfield>
  </datafield>
  <datafield tag="264" ind1=" " ind2="4">
    <subfield code="c">©2017</subfield>
  </datafield>
  <datafield tag="300" ind1=" " ind2=" ">
    <subfield code="a">333 pages :</subfield>
    <subfield code="b">illustrations ;</subfield>
    <subfield code="c">23 cm</subfield>
  </datafield>
  <datafield tag="336" ind1=" " ind2=" ">
    <subfield code="a">text</subfield>
    <subfield code="b">txt</subfield>
    <subfield code="2">rdacontent</subfield>
  </datafield>
  <datafield tag="337" ind1=" " ind2=" ">
    <subfield code="a">unmediated</subfield>
    <subfield code="b">n</subfield>
    <subfield code="2">rdamedia</subfield>
  </datafield>
  <datafield tag="338" ind1=" " ind2=" ">
    <subfield code="a">volume</subfield>
    <subfield code="b">nc</subfield>
    <subfield code="2">rdacarrier</subfield>
  </datafield>
  <datafield tag="340" ind1=" " ind2=" ">
    <subfield code="p">illustration</subfield>
    <subfield code="2">rdaill</subfield>
  </datafield>
  <datafield tag="520" ind1=" " ind2=" ">
    <subfield code="a">"In 2016, as the world commemorated the four hundred years since Shakespeare's death, Shakespeare 400 Chicago brought together the city's resident world-class institutions across disciplines and welcomed leading artists from around the globe to make Chicago their stage.  This book is a collection of essays written by thirty scholars, who provide their personal reflections ont he festival's citywide programs, including theater, dance, opera, music, exhibition, broadcast, education, film, culinary and visual arts.  Shakespeare lovers, students and scholars alike will take delight in these new perspectives on Chicago's quadricentennial celebration."--Back cover.</subfield>
  </datafield>
  <datafield tag="583" ind1="0" ind2=" ">
    <subfield code="a">cataloged</subfield>
    <subfield code="c">2017-11-13</subfield>
    <subfield code="k">SEH</subfield>
    <subfield code="n">1</subfield>
    <subfield code="o">piece</subfield>
    <subfield code="2">local</subfield>
    <subfield code="5">DFo</subfield>
  </datafield>
  <datafield tag="600" ind1="1" ind2="0">
    <subfield code="a">Shakespeare, William,</subfield>
    <subfield code="d">1564-1616</subfield>
    <subfield code="x">Anniversaries, etc.</subfield>
    <subfield code="0">sh 85120826 </subfield>
  </datafield>
  <datafield tag="600" ind1="1" ind2="0">
    <subfield code="a">Shakespeare, William,</subfield>
    <subfield code="d">1564-1616</subfield>
    <subfield code="x">Appreciation</subfield>
    <subfield code="0">sh 85120829</subfield>
    <subfield code="z">Illinois</subfield>
    <subfield code="0">n  79053746</subfield>
    <subfield code="z">Chicago.</subfield>
  </datafield>
  <datafield tag="651" ind1=" " ind2="0">
    <subfield code="a">Chicago (Ill.)</subfield>
    <subfield code="x">History.</subfield>
    <subfield code="0">sh 85023235 </subfield>
  </datafield>
  <datafield tag="710" ind1="2" ind2=" ">
    <subfield code="a">Chicago Shakespeare Theater,</subfield>
    <subfield code="0">no2010159680,</subfield>
    <subfield code="e">publisher.</subfield>
  </datafield>
  <datafield tag="752" ind1=" " ind2=" ">
    <subfield code="a">United States</subfield>
    <subfield code="b">Illinois</subfield>
    <subfield code="d">Chicago.</subfield>
    <subfield code="2">naf</subfield>
  </datafield>
  <datafield tag="852" ind1="0" ind2=" ">
    <subfield code="a">US-DFo</subfield>
    <subfield code="b">DeckB-Mod</subfield>
    <subfield code="h">PR2923.S53</subfield>
    <subfield code="i">C45 2017</subfield>
    <subfield code="7">501141</subfield>
    <subfield code="j">269895</subfield>
  </datafield>
  <datafield tag="909" ind1="C" ind2="O">
    <subfield code="o">oai:catalog.folger.edu:352556</subfield>
    <subfield code="p">GLOBAL_SET</subfield>
  </datafield>
  <datafield tag="980" ind1=" " ind2=" ">
    <subfield code="a">BIB</subfield>
  </datafield>
  <datafield tag="983" ind1=" " ind2=" ">
    <subfield code="a">Open stacks</subfield>
  </datafield>
</record>
<record>
  <controlfield tag="000">01473cam\a22002891\\4500</controlfield>
  <controlfield tag="001">29157</controlfield>
  <controlfield tag="005">20251009062126.0</controlfield>
  <controlfield tag="008">941024s1849\\\\enk\\\\\\\\\\\||\\|\eng\u</controlfield>
  <datafield tag="035" ind1=" " ind2=" ">
    <subfield code="a">(UPRA)tmp13953639</subfield>
  </datafield>
  <datafield tag="035" ind1=" " ind2=" ">
    <subfield code="9">DCFGRLA39425-B</subfield>
  </datafield>
  <datafield tag="035" ind1=" " ind2=" ">
    <subfield code="a">29157</subfield>
  </datafield>
  <datafield tag="040" ind1=" " ind2=" ">
    <subfield code="c">UPRA</subfield>
    <subfield code="d">CStRLIN</subfield>
    <subfield code="d">UtOrBLW</subfield>
  </datafield>
  <datafield tag="090" ind1=" " ind2=" ">
    <subfield code="a">PN6112</subfield>
    <subfield code="b">.W4</subfield>
  </datafield>
  <datafield tag="245" ind1="0" ind2="4">
    <subfield code="a">The Series of dramatic entertainments performed by Royal Command, before Her Majesty the Queen, His Royal Highness Prince Albert, the royal family, and the court, at Windsor Castle, 1848-9 ... /</subfield>
    <subfield code="c">printed verbatim from the authorised versions, with fascimiles of the bills of performance, and a corrected list of the royal personages and the nobility and gentry present on each occasion ...</subfield>
  </datafield>
  <datafield tag="260" ind1=" " ind2=" ">
    <subfield code="a">[London] :</subfield>
    <subfield code="b">[Mr. Mitchell, Royal Library],</subfield>
    <subfield code="c">[1849]</subfield>
  </datafield>
  <datafield tag="300" ind1=" " ind2=" ">
    <subfield code="a">372 p., plates :</subfield>
    <subfield code="b">facsims. ;</subfield>
    <subfield code="c">cm.</subfield>
  </datafield>
  <datafield tag="336" ind1=" " ind2=" ">
    <subfield code="a">text</subfield>
    <subfield code="b">txt</subfield>
    <subfield code="2">rdacontent</subfield>
  </datafield>
  <datafield tag="337" ind1=" " ind2=" ">
    <subfield code="a">unmediated</subfield>
    <subfield code="b">n</subfield>
    <subfield code="2">rdamedia</subfield>
  </datafield>
  <datafield tag="340" ind1=" " ind2=" ">
    <subfield code="p">facsimile</subfield>
    <subfield code="2">rdaill</subfield>
  </datafield>
  <datafield tag="500" ind1=" " ind2=" ">
    <subfield code="a">Date of publication taken from the British museum.</subfield>
  </datafield>
  <datafield tag="610" ind1="2" ind2="0">
    <subfield code="a">Windsor Castle.</subfield>
    <subfield code="0">n  50067807 </subfield>
  </datafield>
  <datafield tag="650" ind1=" " ind2="0">
    <subfield code="a">Playbills</subfield>
    <subfield code="0">sh 85103378</subfield>
    <subfield code="x">Command performances.</subfield>
  </datafield>
  <datafield tag="650" ind1=" " ind2="0">
    <subfield code="a">English drama.</subfield>
    <subfield code="0">sh 85043338 </subfield>
  </datafield>
  <datafield tag="700" ind1="1" ind2=" ">
    <subfield code="a">Webster, Benjamin,</subfield>
    <subfield code="d">1797-1882.</subfield>
    <subfield code="0">n  82207732 </subfield>
  </datafield>
  <datafield tag="752" ind1=" " ind2=" ">
    <subfield code="a">Great Britain</subfield>
    <subfield code="b">England</subfield>
    <subfield code="d">London.</subfield>
    <subfield code="2">naf</subfield>
  </datafield>
  <datafield tag="852" ind1="0" ind2=" ">
    <subfield code="a">US-DFo</subfield>
    <subfield code="b">DeckB-Mod</subfield>
    <subfield code="h">PN6112</subfield>
    <subfield code="i">.W4</subfield>
    <subfield code="7">29974</subfield>
  </datafield>
  <datafield tag="909" ind1="C" ind2="O">
    <subfield code="o">oai:catalog.folger.edu:29157</subfield>
    <subfield code="p">GLOBAL_SET</subfield>
  </datafield>
  <datafield tag="950" ind1=" " ind2=" ">
    <subfield code="l">MOD</subfield>
  </datafield>
  <datafield tag="955" ind1=" " ind2=" ">
    <subfield code="l">MOD</subfield>
    <subfield code="q">179229</subfield>
  </datafield>
  <datafield tag="980" ind1=" " ind2=" ">
    <subfield code="a">BIB</subfield>
  </datafield>
  <datafield tag="983" ind1=" " ind2=" ">
    <subfield code="a">Open stacks</subfield>
  </datafield>
  <datafield tag="998" ind1=" " ind2=" ">
    <subfield code="a">02/21/96</subfield>
    <subfield code="t">c</subfield>
    <subfield code="s">9665</subfield>
    <subfield code="n">DFo</subfield>
    <subfield code="w">MIUGAFV5493B</subfield>
    <subfield code="d">02/21/96</subfield>
    <subfield code="l">DCFG</subfield>
  </datafield>
</record>
<record>
  <controlfield tag="000">05246ckm\a2200685Ki\4500</controlfield>
  <controlfield tag="001">254697</controlfield>
  <controlfield tag="005">20251009104926.0</controlfield>
  <controlfield tag="007">kd\bo</controlfield>
  <controlfield tag="008">200911s1904\\\\xx\n\n\\\\\\\\\\\\kneng\d</controlfield>
  <datafield tag="029" ind1="1" ind2=" ">
    <subfield code="a">UXG</subfield>
    <subfield code="c">/p252501coll1</subfield>
    <subfield code="t">CNTNT</subfield>
  </datafield>
  <datafield tag="035" ind1=" " ind2=" ">
    <subfield code="a">465415175</subfield>
  </datafield>
  <datafield tag="035" ind1=" " ind2=" ">
    <subfield code="a">(DFoPcSh)00207607</subfield>
  </datafield>
  <datafield tag="035" ind1=" " ind2=" ">
    <subfield code="a">241831</subfield>
  </datafield>
  <datafield tag="040" ind1=" " ind2=" ">
    <subfield code="a">DFo/CaBNvSL/CaBNvSL</subfield>
    <subfield code="c">UXG</subfield>
    <subfield code="e">gihc</subfield>
    <subfield code="d">UXG</subfield>
    <subfield code="d">UtOrBLW</subfield>
  </datafield>
  <datafield tag="049" ind1=" " ind2=" ">
    <subfield code="a">UXGA</subfield>
  </datafield>
  <datafield tag="100" ind1="1" ind2=" ">
    <subfield code="a">Cleaver, Ralph,</subfield>
    <subfield code="0">no2009117736,</subfield>
    <subfield code="e">artist.</subfield>
  </datafield>
  <datafield tag="245" ind1="1" ind2="0">
    <subfield code="a">Rosencrantz and Guildenstern at the Garrick Theatre, July 30, 1904, special matinee by amateurs in aid of Bushey Heath Hospital</subfield>
    <subfield code="h">[graphic] /</subfield>
    <subfield code="c">Ralph Cleaver.</subfield>
  </datafield>
  <datafield tag="260" ind1=" " ind2=" ">
    <subfield code="c">[19]04.</subfield>
  </datafield>
  <datafield tag="300" ind1=" " ind2=" ">
    <subfield code="a">1 drawing :</subfield>
    <subfield code="b">opaque and ink ;</subfield>
    <subfield code="c">7 1/4 x 10 1/2 in.</subfield>
  </datafield>
  <datafield tag="336" ind1=" " ind2=" ">
    <subfield code="a">still image</subfield>
    <subfield code="b">sti</subfield>
    <subfield code="2">rdacontent</subfield>
  </datafield>
  <datafield tag="337" ind1=" " ind2=" ">
    <subfield code="a">unmediated</subfield>
    <subfield code="b">n</subfield>
    <subfield code="2">rdamedia</subfield>
  </datafield>
  <datafield tag="340" ind1=" " ind2=" ">
    <subfield code="a">paper</subfield>
    <subfield code="2">rdamat</subfield>
  </datafield>
  <datafield tag="340" ind1=" " ind2=" ">
    <subfield code="c">ink</subfield>
    <subfield code="2">rdamat</subfield>
  </datafield>
  <datafield tag="340" ind1=" " ind2=" ">
    <subfield code="g">monochrome</subfield>
    <subfield code="2">rdacc</subfield>
  </datafield>
  <datafield tag="500" ind1=" " ind2=" ">
    <subfield code="a">Title derived from pencil note on back of drawing.</subfield>
  </datafield>
  <datafield tag="500" ind1=" " ind2=" ">
    <subfield code="a">Captions denote actors depicted and the roles they played: Edward Rose as Polonius, Paul Rubens as Guildenstern, Capt. Robert Marshall as Hamlet, Francis Burnand as the first player, Madeleine Lucette Ryley as Ophelia, Col. Newnham Davis as a courtier, Clo Graves as the second player</subfield>
  </datafield>
  <datafield tag="500" ind1=" " ind2=" ">
    <subfield code="a">This record contains unverified data from old cards and may contain incorrect or incomplete text. Please consult Curator for assistance.</subfield>
  </datafield>
  <datafield tag="530" ind1=" " ind2=" ">
    <subfield code="a">Also available as a digital reproduction.</subfield>
  </datafield>
  <datafield tag="583" ind1="0" ind2=" ">
    <subfield code="a">revised</subfield>
    <subfield code="c">2017-11</subfield>
    <subfield code="k">ALW</subfield>
    <subfield code="n">1</subfield>
    <subfield code="o">link</subfield>
    <subfield code="x">Luna</subfield>
    <subfield code="2">local</subfield>
    <subfield code="5">DFo</subfield>
  </datafield>
  <datafield tag="600" ind1="1" ind2="0">
    <subfield code="a">Gilbert, W. S.</subfield>
    <subfield code="q">(William Schwenck),</subfield>
    <subfield code="d">1836-1911.</subfield>
    <subfield code="0">n  80045872.</subfield>
    <subfield code="t">Rosencrantz and Guildenstern,</subfield>
    <subfield code="e">depicted.</subfield>
  </datafield>
  <datafield tag="600" ind1="1" ind2="0">
    <subfield code="a">Rose, Edward,</subfield>
    <subfield code="d">1849-1904</subfield>
    <subfield code="0">n  82208584</subfield>
    <subfield code="x">Performances,</subfield>
    <subfield code="0">sh 00005755,</subfield>
    <subfield code="e">depicted.</subfield>
  </datafield>
  <datafield tag="600" ind1="1" ind2="0">
    <subfield code="a">Rose, Edward,</subfield>
    <subfield code="d">1849-1904,</subfield>
    <subfield code="0">n  82208584,</subfield>
    <subfield code="e">depicted.</subfield>
  </datafield>
  <datafield tag="600" ind1="1" ind2="0">
    <subfield code="a">Rubens, Paul A.</subfield>
    <subfield code="q">(Paul Alfred),</subfield>
    <subfield code="d">1875-1917</subfield>
    <subfield code="0">n  82225849</subfield>
    <subfield code="x">Performances,</subfield>
    <subfield code="0">sh 00005755,</subfield>
    <subfield code="e">depicted.</subfield>
  </datafield>
  <datafield tag="600" ind1="1" ind2="0">
    <subfield code="a">Rubens, Paul A.</subfield>
    <subfield code="q">(Paul Alfred),</subfield>
    <subfield code="d">1875-1917,</subfield>
    <subfield code="0">n  82225849,</subfield>
    <subfield code="e">depicted.</subfield>
  </datafield>
  <datafield tag="600" ind1="1" ind2="0">
    <subfield code="a">Marshall, Robert,</subfield>
    <subfield code="d">1863-1910</subfield>
    <subfield code="0">n  82116297</subfield>
    <subfield code="x">Performances,</subfield>
    <subfield code="0">sh 00005755,</subfield>
    <subfield code="e">depicted.</subfield>
  </datafield>
  <datafield tag="600" ind1="1" ind2="0">
    <subfield code="a">Marshall, Robert,</subfield>
    <subfield code="d">1863-1910,</subfield>
    <subfield code="0">n  82116297,</subfield>
    <subfield code="e">depicted.</subfield>
  </datafield>
  <datafield tag="600" ind1="1" ind2="0">
    <subfield code="a">Burnand, F. C.</subfield>
    <subfield code="q">(Francis Cowley),</subfield>
    <subfield code="d">1836-1917</subfield>
    <subfield code="0">n  82032477</subfield>
    <subfield code="x">Performances,</subfield>
    <subfield code="0">sh 00005755,</subfield>
    <subfield code="e">depicted.</subfield>
  </datafield>
  <datafield tag="600" ind1="1" ind2="0">
    <subfield code="a">Burnand, F. C.</subfield>
    <subfield code="q">(Francis Cowley),</subfield>
    <subfield code="d">1836-1917,</subfield>
    <subfield code="0">n  82032477,</subfield>
    <subfield code="e">depicted.</subfield>
  </datafield>
  <datafield tag="600" ind1="1" ind2="0">
    <subfield code="a">Ryley, Madeleine Lucette,</subfield>
    <subfield code="d">1868-1934</subfield>
    <subfield code="0">no 97025199</subfield>
    <subfield code="x">Performances,</subfield>
    <subfield code="0">sh 00005755,</subfield>
    <subfield code="e">depicted.</subfield>
  </datafield>
  <datafield tag="600" ind1="1" ind2="0">
    <subfield code="a">Ryley, Madeleine Lucette,</subfield>
    <subfield code="d">1868-1934,</subfield>
    <subfield code="0">no 97025199,</subfield>
    <subfield code="e">depicted.</subfield>
  </datafield>
  <datafield tag="600" ind1="1" ind2="0">
    <subfield code="a">Dehan, Richard,</subfield>
    <subfield code="d">1863-1932</subfield>
    <subfield code="0">n  50059095</subfield>
    <subfield code="x">Performances,</subfield>
    <subfield code="0">sh 00005755,</subfield>
    <subfield code="e">depicted.</subfield>
  </datafield>
  <datafield tag="600" ind1="1" ind2="0">
    <subfield code="a">Dehan, Richard,</subfield>
    <subfield code="d">1863-1932,</subfield>
    <subfield code="0">n  50059095,</subfield>
    <subfield code="e">depicted.</subfield>
  </datafield>
  <datafield tag="600" ind1="1" ind2="0">
    <subfield code="a">Gilbert, W. S.</subfield>
    <subfield code="q">(William Schwenck),</subfield>
    <subfield code="d">1836-1911</subfield>
    <subfield code="0">n  80045872</subfield>
    <subfield code="x">Characters</subfield>
    <subfield code="0">sh 99004962</subfield>
    <subfield code="x">Polonius,</subfield>
    <subfield code="e">depicted.</subfield>
  </datafield>
  <datafield tag="600" ind1="1" ind2="0">
    <subfield code="a">Gilbert, W. S.</subfield>
    <subfield code="q">(William Schwenck),</subfield>
    <subfield code="d">1836-1911</subfield>
    <subfield code="0">n  80045872</subfield>
    <subfield code="x">Characters</subfield>
    <subfield code="0">sh 99004962</subfield>
    <subfield code="x">Guildenstern,</subfield>
    <subfield code="e">depicted.</subfield>
  </datafield>
  <datafield tag="600" ind1="1" ind2="0">
    <subfield code="a">Gilbert, W. S.</subfield>
    <subfield code="q">(William Schwenck),</subfield>
    <subfield code="d">1836-1911</subfield>
    <subfield code="0">n  80045872</subfield>
    <subfield code="x">Characters</subfield>
    <subfield code="0">sh 99004962</subfield>
    <subfield code="x">Hamlet,</subfield>
    <subfield code="e">depicted.</subfield>
  </datafield>
  <datafield tag="600" ind1="1" ind2="0">
    <subfield code="a">Gilbert, W. S.</subfield>
    <subfield code="q">(William Schwenck),</subfield>
    <subfield code="d">1836-1911</subfield>
    <subfield code="0">n  80045872</subfield>
    <subfield code="x">Characters</subfield>
    <subfield code="0">sh 99004962</subfield>
    <subfield code="x">Ophelia,</subfield>
    <subfield code="e">depicted.</subfield>
  </datafield>
  <datafield tag="600" ind1="1" ind2="0">
    <subfield code="a">Gilbert, W. S.</subfield>
    <subfield code="q">(William Schwenck),</subfield>
    <subfield code="d">1836-1911</subfield>
    <subfield code="0">n  80045872</subfield>
    <subfield code="x">Characters</subfield>
    <subfield code="0">sh 99004962</subfield>
    <subfield code="x">Court and courtiers,</subfield>
    <subfield code="e">depicted.</subfield>
  </datafield>
  <datafield tag="600" ind1="1" ind2="0">
    <subfield code="a">Gilbert, W. S.</subfield>
    <subfield code="q">(William Schwenck),</subfield>
    <subfield code="d">1836-1911</subfield>
    <subfield code="0">n  80045872</subfield>
    <subfield code="x">Characters</subfield>
    <subfield code="0">sh 99004962</subfield>
    <subfield code="x">Second Player,</subfield>
    <subfield code="e">depicted.</subfield>
  </datafield>
  <datafield tag="600" ind1="1" ind2="0">
    <subfield code="a">Newnham-Davis,</subfield>
    <subfield code="c">Lieut.-Col.</subfield>
    <subfield code="q">(Nathaniel),</subfield>
    <subfield code="d">1854-1917</subfield>
    <subfield code="0">n  82221465</subfield>
    <subfield code="x">Performances,</subfield>
    <subfield code="0">sh 00005755,</subfield>
    <subfield code="e">depicted.</subfield>
  </datafield>
  <datafield tag="600" ind1="1" ind2="0">
    <subfield code="a">Newnham-Davis,</subfield>
    <subfield code="c">Lieut.-Col.</subfield>
    <subfield code="q">(Nathaniel),</subfield>
    <subfield code="d">1854-1917,</subfield>
    <subfield code="0">n  82221465,</subfield>
    <subfield code="e">depicted.</subfield>
  </datafield>
  <datafield tag="650" ind1=" " ind2="0">
    <subfield code="a">Polonius (Fictitious character : Gilbert),</subfield>
    <subfield code="e">depicted.</subfield>
  </datafield>
  <datafield tag="650" ind1=" " ind2="0">
    <subfield code="a">Guildenstern (Fictitious character : Gilbert),</subfield>
    <subfield code="e">depicted.</subfield>
  </datafield>
  <datafield tag="650" ind1=" " ind2="0">
    <subfield code="a">Hamlet (Fictitious character : Gilbert),</subfield>
    <subfield code="e">depicted.</subfield>
  </datafield>
  <datafield tag="650" ind1=" " ind2="0">
    <subfield code="a">Ophelia (Fictitious character : Gilbert),</subfield>
    <subfield code="e">depicted.</subfield>
  </datafield>
  <datafield tag="650" ind1=" " ind2="0">
    <subfield code="a">Courtiers (Fictitious characters : Gilbert),</subfield>
    <subfield code="e">depicted.</subfield>
  </datafield>
  <datafield tag="650" ind1=" " ind2="0">
    <subfield code="a">Player, Second (Fictitious character : Gilbert),</subfield>
    <subfield code="e">depicted.</subfield>
  </datafield>
  <datafield tag="650" ind1=" " ind2="0">
    <subfield code="a">Actors</subfield>
    <subfield code="0">sh 85000744</subfield>
    <subfield code="y">20th century,</subfield>
    <subfield code="e">depicted.</subfield>
  </datafield>
  <datafield tag="650" ind1=" " ind2="7">
    <subfield code="a">Theatrical productions</subfield>
    <subfield code="y">20th century,</subfield>
    <subfield code="e">depicted.</subfield>
    <subfield code="2">lctgm</subfield>
  </datafield>
  <datafield tag="655" ind1=" " ind2="7">
    <subfield code="a">Portraits</subfield>
    <subfield code="0">tgm008085g</subfield>
    <subfield code="x">Male.</subfield>
    <subfield code="2">gmgpc</subfield>
  </datafield>
  <datafield tag="655" ind1=" " ind2="7">
    <subfield code="a">Portraits</subfield>
    <subfield code="0">tgm008085g</subfield>
    <subfield code="x">Female.</subfield>
    <subfield code="2">gmgpc</subfield>
  </datafield>
  <datafield tag="655" ind1=" " ind2="7">
    <subfield code="a">Drawings (visual works)</subfield>
    <subfield code="0">300033973</subfield>
    <subfield code="2">aat</subfield>
  </datafield>
  <datafield tag="852" ind1="8" ind2=" ">
    <subfield code="a">US-DFo</subfield>
    <subfield code="b">DeckB-Art</subfield>
    <subfield code="h">ART Box C623 no.3</subfield>
    <subfield code="m">(size S)</subfield>
    <subfield code="x">CIN=dmo PDI rootfile 034407</subfield>
    <subfield code="z">For printed version see ART Flat a12 no.8, p. 843, The illustrated sporting &amp; dramatic news for town and country, July 30, 1904.</subfield>
    <subfield code="7">334497</subfield>
    <subfield code="j">cs301</subfield>
  </datafield>
  <datafield tag="856" ind1="4" ind2="1">
    <subfield code="u">https://digitalcollections.folger.edu/img34407</subfield>
    <subfield code="z">Digital image(s) of Folger Shakespeare Library ART Box C623 no.3</subfield>
  </datafield>
  <datafield tag="909" ind1="C" ind2="O">
    <subfield code="o">oai:catalog.folger.edu:254697</subfield>
    <subfield code="p">GLOBAL_SET</subfield>
  </datafield>
  <datafield tag="980" ind1=" " ind2=" ">
    <subfield code="a">BIB</subfield>
  </datafield>
  <datafield tag="983" ind1=" " ind2=" ">
    <subfield code="a">Online</subfield>
  </datafield>
  <datafield tag="983" ind1=" " ind2=" ">
    <subfield code="a">Vault</subfield>
  </datafield>
</record>
<record>
  <controlfield tag="000">01633cam\a2200349Ii\4500</controlfield>
  <controlfield tag="001">353760</controlfield>
  <controlfield tag="005">20251009113048.0</controlfield>
  <controlfield tag="008">180222s1912\\\\enk\\\\\\\\\\\000\0\eng\d</controlfield>
  <datafield tag="035" ind1=" " ind2=" ">
    <subfield code="a">(OCoLC)on1023863231</subfield>
  </datafield>
  <datafield tag="035" ind1=" " ind2=" ">
    <subfield code="a">(OCoLC)1023863231</subfield>
  </datafield>
  <datafield tag="040" ind1=" " ind2=" ">
    <subfield code="a">UXG</subfield>
    <subfield code="b">eng</subfield>
    <subfield code="e">rda</subfield>
    <subfield code="c">UXG</subfield>
    <subfield code="d">UtOrBLW</subfield>
  </datafield>
  <datafield tag="043" ind1=" " ind2=" ">
    <subfield code="a">e-uk-en</subfield>
  </datafield>
  <datafield tag="245" ind1="0" ind2="1">
    <subfield code="a">"Shakespeare's England" at Earl's Court :</subfield>
    <subfield code="b">Fortune Theatre : programme of Queen Elizabeth's banquet, old English dances, Shakespearean dances and Elizabethan music.</subfield>
  </datafield>
  <datafield tag="264" ind1=" " ind2="1">
    <subfield code="a">[London?] :</subfield>
    <subfield code="b">[publisher not identified],</subfield>
    <subfield code="c">[1912]</subfield>
  </datafield>
  <datafield tag="300" ind1=" " ind2=" ">
    <subfield code="a">4 unnumbered pages ;</subfield>
    <subfield code="c">15 cm</subfield>
  </datafield>
  <datafield tag="336" ind1=" " ind2=" ">
    <subfield code="a">text</subfield>
    <subfield code="b">txt</subfield>
    <subfield code="2">rdacontent</subfield>
  </datafield>
  <datafield tag="337" ind1=" " ind2=" ">
    <subfield code="a">unmediated</subfield>
    <subfield code="b">n</subfield>
    <subfield code="2">rdamedia</subfield>
  </datafield>
  <datafield tag="338" ind1=" " ind2=" ">
    <subfield code="a">volume</subfield>
    <subfield code="b">nc</subfield>
    <subfield code="2">rdacarrier</subfield>
  </datafield>
  <datafield tag="500" ind1=" " ind2=" ">
    <subfield code="a">"Price one penny."</subfield>
  </datafield>
  <datafield tag="500" ind1=" " ind2=" ">
    <subfield code="a">Explanatory note on page [2] by Patrick Kirwan.</subfield>
  </datafield>
  <datafield tag="520" ind1=" " ind2=" ">
    <subfield code="a">Program for a 1912 "Shakespeare's England" exhibition presented at Earl's Court, London. The exhibition featured musical and theatrical performances in replica Elizabethan settings.</subfield>
  </datafield>
  <datafield tag="583" ind1="0" ind2=" ">
    <subfield code="a">cataloged</subfield>
    <subfield code="c">2018-02-22</subfield>
    <subfield code="k">SEH</subfield>
    <subfield code="n">1</subfield>
    <subfield code="o">piece</subfield>
    <subfield code="2">local</subfield>
    <subfield code="5">DFo</subfield>
  </datafield>
  <datafield tag="585" ind1=" " ind2=" ">
    <subfield code="a">Washington, D.C., Folger Shakespeare Library, 2018-2019.  Churchill’s Shakespeare.</subfield>
  </datafield>
  <datafield tag="600" ind1="1" ind2="0">
    <subfield code="a">Shakespeare, William,</subfield>
    <subfield code="d">1564-1616</subfield>
    <subfield code="x">Appreciation.</subfield>
    <subfield code="0">sh 85120829 </subfield>
  </datafield>
  <datafield tag="650" ind1=" " ind2="0">
    <subfield code="a">Dance</subfield>
    <subfield code="0">sh 85035659</subfield>
    <subfield code="z">England</subfield>
    <subfield code="0">n  82068148</subfield>
    <subfield code="y">16th century.</subfield>
  </datafield>
  <datafield tag="650" ind1=" " ind2="0">
    <subfield code="a">Music</subfield>
    <subfield code="0">sh 85088762</subfield>
    <subfield code="z">England</subfield>
    <subfield code="0">n  82068148</subfield>
    <subfield code="y">16th century.</subfield>
  </datafield>
  <datafield tag="650" ind1=" " ind2="0">
    <subfield code="a">Theater</subfield>
    <subfield code="z">England</subfield>
    <subfield code="0">sh2008112831</subfield>
    <subfield code="y">16th century.</subfield>
  </datafield>
  <datafield tag="655" ind1=" " ind2="7">
    <subfield code="a">Souvenir programs.</subfield>
    <subfield code="0">300253341</subfield>
    <subfield code="2">aat</subfield>
  </datafield>
  <datafield tag="700" ind1="1" ind2=" ">
    <subfield code="a">Kirwan, Patrick,</subfield>
    <subfield code="d">-1929,</subfield>
    <subfield code="0">no2018028983,</subfield>
    <subfield code="e">author.</subfield>
  </datafield>
  <datafield tag="752" ind1=" " ind2=" ">
    <subfield code="a">Great Britain</subfield>
    <subfield code="b">England</subfield>
    <subfield code="d">London.</subfield>
    <subfield code="2">naf</subfield>
  </datafield>
  <datafield tag="852" ind1="8" ind2=" ">
    <subfield code="a">US-DFo</subfield>
    <subfield code="b">DeckC-Rare</subfield>
    <subfield code="h">Scrapbook D.8.2 folder 1, item 1</subfield>
    <subfield code="z">"X" in ink in center of program.</subfield>
    <subfield code="7">502122</subfield>
    <subfield code="j">No case or accession number present</subfield>
  </datafield>
  <datafield tag="909" ind1="C" ind2="O">
    <subfield code="o">oai:catalog.folger.edu:353760</subfield>
    <subfield code="p">GLOBAL_SET</subfield>
  </datafield>
  <datafield tag="980" ind1=" " ind2=" ">
    <subfield code="a">BIB</subfield>
  </datafield>
  <datafield tag="983" ind1=" " ind2=" ">
    <subfield code="a">Vault</subfield>
  </datafield>
</record>
<record>
  <controlfield tag="000">01300cam\a2200277ua\4500</controlfield>
  <controlfield tag="001">46143</controlfield>
  <controlfield tag="005">20251009064428.0</controlfield>
  <controlfield tag="008">870227s1869\\\\mauaf\\\\\\\\\000\0\eng\d</controlfield>
  <datafield tag="035" ind1=" " ind2=" ">
    <subfield code="9">DCFG87-B226</subfield>
  </datafield>
  <datafield tag="035" ind1=" " ind2=" ">
    <subfield code="a">46143</subfield>
  </datafield>
  <datafield tag="040" ind1=" " ind2=" ">
    <subfield code="a">DFo</subfield>
    <subfield code="c">DFo</subfield>
    <subfield code="d">UtOrBLW</subfield>
  </datafield>
  <datafield tag="090" ind1=" " ind2=" ">
    <subfield code="a">PN6120.A4</subfield>
    <subfield code="b">B2</subfield>
    <subfield code="f">227178</subfield>
    <subfield code="t">6̃50</subfield>
    <subfield code="i">03/09/87 C</subfield>
  </datafield>
  <datafield tag="100" ind1="1" ind2=" ">
    <subfield code="a">Baker, George M.</subfield>
    <subfield code="q">(George Melville),</subfield>
    <subfield code="d">1832-1890,</subfield>
    <subfield code="0">n  82094412,</subfield>
    <subfield code="e">author.</subfield>
  </datafield>
  <datafield tag="245" ind1="1" ind2="4">
    <subfield code="a">The mimic stage :</subfield>
    <subfield code="b">a series of dramas, comedies, burlesques, and farces, for public exhibitions and private theatricals /</subfield>
    <subfield code="c">by George M. Baker.</subfield>
  </datafield>
  <datafield tag="260" ind1=" " ind2=" ">
    <subfield code="a">Boston :</subfield>
    <subfield code="b">Lee and Shepard,</subfield>
    <subfield code="c">1869.</subfield>
  </datafield>
  <datafield tag="300" ind1=" " ind2=" ">
    <subfield code="a">290 p., [4] leaves of plates :</subfield>
    <subfield code="b">ill. ;</subfield>
    <subfield code="c">18 cm</subfield>
  </datafield>
  <datafield tag="336" ind1=" " ind2=" ">
    <subfield code="a">text</subfield>
    <subfield code="b">txt</subfield>
    <subfield code="2">rdacontent</subfield>
  </datafield>
  <datafield tag="337" ind1=" " ind2=" ">
    <subfield code="a">unmediated</subfield>
    <subfield code="b">n</subfield>
    <subfield code="2">rdamedia</subfield>
  </datafield>
  <datafield tag="340" ind1=" " ind2=" ">
    <subfield code="p">illustration</subfield>
    <subfield code="2">rdaill</subfield>
  </datafield>
  <datafield tag="340" ind1=" " ind2=" ">
    <subfield code="p">plate</subfield>
  </datafield>
  <datafield tag="500" ind1=" " ind2=" ">
    <subfield code="a">Engraved t.-p. added.</subfield>
  </datafield>
  <datafield tag="600" ind1="1" ind2="0">
    <subfield code="a">Shakespeare, William,</subfield>
    <subfield code="d">1564-1616.</subfield>
    <subfield code="t">Romeo and Juliet</subfield>
    <subfield code="0">n  82116107</subfield>
    <subfield code="v">Parodies, imitations, etc.</subfield>
    <subfield code="0">sh 99001707 </subfield>
  </datafield>
  <datafield tag="650" ind1=" " ind2="0">
    <subfield code="a">Amateur plays.</subfield>
    <subfield code="0">sh 85004121 </subfield>
  </datafield>
  <datafield tag="655" ind1=" " ind2="7">
    <subfield code="a">Amateur theatricals.</subfield>
  </datafield>
  <datafield tag="752" ind1=" " ind2=" ">
    <subfield code="a">United States</subfield>
    <subfield code="b">Massachusetts</subfield>
    <subfield code="d">Boston.</subfield>
    <subfield code="2">naf</subfield>
  </datafield>
  <datafield tag="852" ind1="0" ind2=" ">
    <subfield code="a">US-DFo</subfield>
    <subfield code="b">DeckB-Mod</subfield>
    <subfield code="h">PN6120.A4</subfield>
    <subfield code="i">B2</subfield>
    <subfield code="7">47558</subfield>
    <subfield code="z">Includes Capuletta; or, Romeo and Juliet restored. An operatic burlesque.</subfield>
  </datafield>
  <datafield tag="909" ind1="C" ind2="O">
    <subfield code="o">oai:catalog.folger.edu:46143</subfield>
    <subfield code="p">GLOBAL_SET</subfield>
  </datafield>
  <datafield tag="950" ind1=" " ind2=" ">
    <subfield code="l">MOD</subfield>
    <subfield code="i">03/09/87 C</subfield>
  </datafield>
  <datafield tag="980" ind1=" " ind2=" ">
    <subfield code="a">BIB</subfield>
  </datafield>
  <datafield tag="983" ind1=" " ind2=" ">
    <subfield code="a">Open stacks</subfield>
  </datafield>
  <datafield tag="998" ind1=" " ind2=" ">
    <subfield code="a">03/09/87</subfield>
    <subfield code="t">c</subfield>
    <subfield code="s">9114</subfield>
    <subfield code="n">DFo</subfield>
    <subfield code="w">DCFG87B226</subfield>
    <subfield code="d">02/27/87</subfield>
    <subfield code="c">ARF</subfield>
    <subfield code="b">ARF</subfield>
    <subfield code="l">DCFG</subfield>
  </datafield>
</record>
<record>
  <controlfield tag="000">01545cam\a2200313u\\4500</controlfield>
  <controlfield tag="001">2154</controlfield>
  <controlfield tag="005">20251009052644.0</controlfield>
  <controlfield tag="008">870506s1825\\\\ie\c\\\\\\\\\\000\0\eng\d</controlfield>
  <datafield tag="035" ind1=" " ind2=" ">
    <subfield code="a">(CU-BANC)GLAD84058267-B</subfield>
  </datafield>
  <datafield tag="035" ind1=" " ind2=" ">
    <subfield code="a">(CU-BANC)ocm06684002  19870424  TAPE OCLC4748: 3048</subfield>
  </datafield>
  <datafield tag="035" ind1=" " ind2=" ">
    <subfield code="9">DCFGRLA11960-B</subfield>
  </datafield>
  <datafield tag="040" ind1=" " ind2=" ">
    <subfield code="a">OCU</subfield>
    <subfield code="c">OCU</subfield>
    <subfield code="d">CU-BANC</subfield>
    <subfield code="d">CStRLIN</subfield>
    <subfield code="d">UPRA</subfield>
    <subfield code="d">UtOrBLW</subfield>
  </datafield>
  <datafield tag="043" ind1=" " ind2=" ">
    <subfield code="a">e-ie---</subfield>
  </datafield>
  <datafield tag="245" ind1="0" ind2="4">
    <subfield code="a">The private theatre of Kilkenny :</subfield>
    <subfield code="b">with introductory observations on other private theatres in Ireland, before it was opened.</subfield>
  </datafield>
  <datafield tag="260" ind1=" " ind2=" ">
    <subfield code="a">[Kilkenny?] :</subfield>
    <subfield code="b">[s.n.],</subfield>
    <subfield code="c">1825.</subfield>
  </datafield>
  <datafield tag="300" ind1=" " ind2=" ">
    <subfield code="a">2 p. leaves, 11, 134 p. :</subfield>
    <subfield code="b">11 ports. incl. front. ;</subfield>
    <subfield code="c">28 cm</subfield>
  </datafield>
  <datafield tag="336" ind1=" " ind2=" ">
    <subfield code="a">text</subfield>
    <subfield code="b">txt</subfield>
    <subfield code="2">rdacontent</subfield>
  </datafield>
  <datafield tag="337" ind1=" " ind2=" ">
    <subfield code="a">unmediated</subfield>
    <subfield code="b">n</subfield>
    <subfield code="2">rdamedia</subfield>
  </datafield>
  <datafield tag="340" ind1=" " ind2=" ">
    <subfield code="p">portrait</subfield>
    <subfield code="2">rdaill</subfield>
  </datafield>
  <datafield tag="340" ind1=" " ind2=" ">
    <subfield code="p">frontispiece</subfield>
  </datafield>
  <datafield tag="500" ind1=" " ind2=" ">
    <subfield code="a">Founded by Richard Power; operated from 1802 to 1819.</subfield>
  </datafield>
  <datafield tag="500" ind1=" " ind2=" ">
    <subfield code="a">Play-bills and press notices.</subfield>
  </datafield>
  <datafield tag="500" ind1=" " ind2=" ">
    <subfield code="a">Text in double columns.</subfield>
  </datafield>
  <datafield tag="500" ind1=" " ind2=" ">
    <subfield code="a">Attributed by R.W. Lowe, A bibliographical account of English theatrical literature, 1888 II, 270, to Richard Power.</subfield>
  </datafield>
  <datafield tag="583" ind1="0" ind2=" ">
    <subfield code="a">revised</subfield>
    <subfield code="c">2015-09</subfield>
    <subfield code="k">ACK</subfield>
    <subfield code="n">1</subfield>
    <subfield code="o">piece</subfield>
    <subfield code="x">Vault transfer</subfield>
    <subfield code="2">local</subfield>
    <subfield code="5">DFo</subfield>
  </datafield>
  <datafield tag="650" ind1=" " ind2="0">
    <subfield code="a">Theater</subfield>
    <subfield code="0">sh 85134522</subfield>
    <subfield code="z">Ireland</subfield>
    <subfield code="0">n  79063445</subfield>
    <subfield code="z">Kilkenny.</subfield>
  </datafield>
  <datafield tag="650" ind1=" " ind2="0">
    <subfield code="a">Theater</subfield>
    <subfield code="z">Ireland</subfield>
    <subfield code="x">History.</subfield>
    <subfield code="0">sh2010116310</subfield>
  </datafield>
  <datafield tag="655" ind1=" " ind2="7">
    <subfield code="a">Cast lists.</subfield>
    <subfield code="0">cv01070</subfield>
    <subfield code="2">rbmscv</subfield>
  </datafield>
  <datafield tag="700" ind1="1" ind2=" ">
    <subfield code="a">Power, Richard,</subfield>
    <subfield code="d">-1824,</subfield>
    <subfield code="e">author,</subfield>
    <subfield code="e">attributed name.</subfield>
  </datafield>
  <datafield tag="752" ind1=" " ind2=" ">
    <subfield code="a">Ireland</subfield>
    <subfield code="d">Kilkenny.</subfield>
    <subfield code="2">naf</subfield>
  </datafield>
  <datafield tag="852" ind1="0" ind2=" ">
    <subfield code="a">US-DFo</subfield>
    <subfield code="b">DeckC-Rare</subfield>
    <subfield code="h">PN2602.K5</subfield>
    <subfield code="i">P7 1825 Cage</subfield>
    <subfield code="z">Manuscript presentation note to Lord Plunket.</subfield>
    <subfield code="7">2210</subfield>
    <subfield code="j">12.6.40</subfield>
  </datafield>
  <datafield tag="909" ind1="C" ind2="O">
    <subfield code="o">oai:catalog.folger.edu:2154</subfield>
    <subfield code="p">GLOBAL_SET</subfield>
  </datafield>
  <datafield tag="980" ind1=" " ind2=" ">
    <subfield code="a">BIB</subfield>
  </datafield>
  <datafield tag="983" ind1=" " ind2=" ">
    <subfield code="a">Vault</subfield>
  </datafield>
  <datafield tag="998" ind1=" " ind2=" ">
    <subfield code="a">02/20/96</subfield>
    <subfield code="t">c</subfield>
    <subfield code="s">9665</subfield>
    <subfield code="n">DFo</subfield>
    <subfield code="w">CUBUGLAD84058267B</subfield>
    <subfield code="d">02/20/96</subfield>
    <subfield code="l">DCFG</subfield>
  </datafield>
</record>
<record>
  <controlfield tag="000">01218cam\a22002531\\4500</controlfield>
  <controlfield tag="001">32060</controlfield>
  <controlfield tag="005">20251009062503.0</controlfield>
  <controlfield tag="008">941118s1804\\\\enk\\\\\\\\\\\000\0\eng\u</controlfield>
  <datafield tag="035" ind1=" " ind2=" ">
    <subfield code="a">(UPRA)tmp14065795</subfield>
  </datafield>
  <datafield tag="035" ind1=" " ind2=" ">
    <subfield code="9">DCFGRLA42482-B</subfield>
  </datafield>
  <datafield tag="035" ind1=" " ind2=" ">
    <subfield code="a">32060</subfield>
  </datafield>
  <datafield tag="040" ind1=" " ind2=" ">
    <subfield code="c">UPRA</subfield>
    <subfield code="d">CStRLIN</subfield>
    <subfield code="d">UtOrBLW</subfield>
  </datafield>
  <datafield tag="043" ind1=" " ind2=" ">
    <subfield code="a">e-uk-en</subfield>
  </datafield>
  <datafield tag="100" ind1="1" ind2=" ">
    <subfield code="a">Gilliland, Thomas,</subfield>
    <subfield code="d">active 1804-1816,</subfield>
    <subfield code="e">author.</subfield>
  </datafield>
  <datafield tag="245" ind1="1" ind2="0">
    <subfield code="a">Elbow room :</subfield>
    <subfield code="b">a pamphlet containing remarks on the shameful increase of the private boxes of Covent Garden, with ... observations relating to the management of that theatre.</subfield>
  </datafield>
  <datafield tag="260" ind1=" " ind2=" ">
    <subfield code="a">London :</subfield>
    <subfield code="b">Chapple,</subfield>
    <subfield code="c">1804.</subfield>
  </datafield>
  <datafield tag="300" ind1=" " ind2=" ">
    <subfield code="a">30, [1] p. ;</subfield>
    <subfield code="c">21 cm</subfield>
  </datafield>
  <datafield tag="336" ind1=" " ind2=" ">
    <subfield code="a">text</subfield>
    <subfield code="b">txt</subfield>
    <subfield code="2">rdacontent</subfield>
  </datafield>
  <datafield tag="337" ind1=" " ind2=" ">
    <subfield code="a">unmediated</subfield>
    <subfield code="b">n</subfield>
    <subfield code="2">rdamedia</subfield>
  </datafield>
  <datafield tag="583" ind1="0" ind2=" ">
    <subfield code="a">revised</subfield>
    <subfield code="c">2015-09</subfield>
    <subfield code="k">ACK</subfield>
    <subfield code="n">0</subfield>
    <subfield code="o">pieces</subfield>
    <subfield code="x">Vault transfer</subfield>
    <subfield code="2">local</subfield>
    <subfield code="5">DFo</subfield>
  </datafield>
  <datafield tag="610" ind1="2" ind2="0">
    <subfield code="a">Covent Garden Theatre.</subfield>
    <subfield code="0">no 89018994 </subfield>
  </datafield>
  <datafield tag="650" ind1=" " ind2="0">
    <subfield code="a">Theaters</subfield>
    <subfield code="z">England</subfield>
    <subfield code="z">London.</subfield>
    <subfield code="0">sh2010116425</subfield>
  </datafield>
  <datafield tag="752" ind1=" " ind2=" ">
    <subfield code="a">Great Britain</subfield>
    <subfield code="b">England</subfield>
    <subfield code="d">London.</subfield>
    <subfield code="2">naf</subfield>
  </datafield>
  <datafield tag="852" ind1="0" ind2=" ">
    <subfield code="a">US-DFo</subfield>
    <subfield code="b">DeckC-Rare</subfield>
    <subfield code="h">PN2598.B65</subfield>
    <subfield code="i">J3 1804 item 4 Cage</subfield>
    <subfield code="z">Bound fourth of five with two works on William Betty, two numbers of the Theatrical Recorder (including coverage of Betty), and a work on British India.</subfield>
    <subfield code="7">493920</subfield>
    <subfield code="j">cs438</subfield>
  </datafield>
  <datafield tag="909" ind1="C" ind2="O">
    <subfield code="o">oai:catalog.folger.edu:32060</subfield>
    <subfield code="p">GLOBAL_SET</subfield>
  </datafield>
  <datafield tag="980" ind1=" " ind2=" ">
    <subfield code="a">BIB</subfield>
  </datafield>
  <datafield tag="983" ind1=" " ind2=" ">
    <subfield code="a">Vault</subfield>
  </datafield>
  <datafield tag="998" ind1=" " ind2=" ">
    <subfield code="a">02/21/96</subfield>
    <subfield code="t">c</subfield>
    <subfield code="s">9665</subfield>
    <subfield code="n">DFo</subfield>
    <subfield code="w">DCFGRLA42482B</subfield>
    <subfield code="d">02/21/96</subfield>
    <subfield code="l">DCFG</subfield>
  </datafield>
</record>
<record>
  <controlfield tag="000">01337cam\a2200325\\\4500</controlfield>
  <controlfield tag="001">5932</controlfield>
  <controlfield tag="005">20251009053145.0</controlfield>
  <controlfield tag="008">821027s1887\\\\enk\\\\\\\\\\\|00\0beng\\</controlfield>
  <datafield tag="010" ind1=" " ind2=" ">
    <subfield code="a">   05028294 </subfield>
  </datafield>
  <datafield tag="035" ind1=" " ind2=" ">
    <subfield code="9">DCFGRLA15642-B</subfield>
  </datafield>
  <datafield tag="040" ind1=" " ind2=" ">
    <subfield code="a">REMC</subfield>
    <subfield code="c">CarP</subfield>
    <subfield code="d">CStRLIN</subfield>
    <subfield code="d">UPRA</subfield>
    <subfield code="d">UPRA</subfield>
    <subfield code="d">UtOrBLW</subfield>
  </datafield>
  <datafield tag="043" ind1=" " ind2=" ">
    <subfield code="a">e-uk---</subfield>
  </datafield>
  <datafield tag="045" ind1=" " ind2=" ">
    <subfield code="a">t6u1</subfield>
  </datafield>
  <datafield tag="050" ind1=" " ind2="4">
    <subfield code="a">PR3095</subfield>
    <subfield code="b">.H3</subfield>
  </datafield>
  <datafield tag="090" ind1=" " ind2=" ">
    <subfield code="a">PR3095</subfield>
    <subfield code="b">.H3</subfield>
  </datafield>
  <datafield tag="100" ind1="1" ind2=" ">
    <subfield code="a">Halliwell-Phillipps, J. O.</subfield>
    <subfield code="q">(James Orchard),</subfield>
    <subfield code="d">1820-1889,</subfield>
    <subfield code="0">n  80075855,</subfield>
    <subfield code="e">author.</subfield>
  </datafield>
  <datafield tag="245" ind1="1" ind2="4">
    <subfield code="a">The visits of Shakespeare's company of actors to the provincial cities and towns of England :</subfield>
    <subfield code="b">illustrated by Extracts gathered from corporate records.</subfield>
  </datafield>
  <datafield tag="260" ind1=" " ind2=" ">
    <subfield code="a">Brighton,</subfield>
    <subfield code="c">1887.</subfield>
  </datafield>
  <datafield tag="300" ind1=" " ind2=" ">
    <subfield code="a">47 p. ;</subfield>
    <subfield code="c">cm.</subfield>
  </datafield>
  <datafield tag="336" ind1=" " ind2=" ">
    <subfield code="a">text</subfield>
    <subfield code="b">txt</subfield>
    <subfield code="2">rdacontent</subfield>
  </datafield>
  <datafield tag="337" ind1=" " ind2=" ">
    <subfield code="a">unmediated</subfield>
    <subfield code="b">n</subfield>
    <subfield code="2">rdamedia</subfield>
  </datafield>
  <datafield tag="500" ind1=" " ind2=" ">
    <subfield code="a">Cover and half-title: Shakespeare's tours.</subfield>
  </datafield>
  <datafield tag="500" ind1=" " ind2=" ">
    <subfield code="a">For private circulation and for presents only.</subfield>
  </datafield>
  <datafield tag="600" ind1="1" ind2="0">
    <subfield code="a">Shakespeare, William,</subfield>
    <subfield code="d">1564-1616</subfield>
    <subfield code="v">Biography.</subfield>
    <subfield code="0">sh 85120847 </subfield>
  </datafield>
  <datafield tag="600" ind1="1" ind2="0">
    <subfield code="a">Shakespeare, William,</subfield>
    <subfield code="d">1564-1616</subfield>
    <subfield code="x">Stage history</subfield>
    <subfield code="y">To 1625.</subfield>
    <subfield code="0">sh 85121042 </subfield>
  </datafield>
  <datafield tag="740" ind1="0" ind2=" ">
    <subfield code="a">Shakespeare's tours.</subfield>
  </datafield>
  <datafield tag="752" ind1=" " ind2=" ">
    <subfield code="a">Great Britain</subfield>
    <subfield code="b">England.</subfield>
    <subfield code="2">naf</subfield>
  </datafield>
  <datafield tag="852" ind1="0" ind2=" ">
    <subfield code="a">US-DFo</subfield>
    <subfield code="b">DeckB-Mod</subfield>
    <subfield code="h">PR3095</subfield>
    <subfield code="i">.H3</subfield>
    <subfield code="7">6102</subfield>
  </datafield>
  <datafield tag="909" ind1="C" ind2="O">
    <subfield code="o">oai:catalog.folger.edu:5932</subfield>
    <subfield code="p">GLOBAL_SET</subfield>
  </datafield>
  <datafield tag="950" ind1=" " ind2=" ">
    <subfield code="l">MOD</subfield>
  </datafield>
  <datafield tag="955" ind1=" " ind2=" ">
    <subfield code="l">MOD</subfield>
    <subfield code="q">cs188</subfield>
  </datafield>
  <datafield tag="980" ind1=" " ind2=" ">
    <subfield code="a">BIB</subfield>
  </datafield>
  <datafield tag="983" ind1=" " ind2=" ">
    <subfield code="a">Open stacks</subfield>
  </datafield>
  <datafield tag="998" ind1=" " ind2=" ">
    <subfield code="a">02/20/96</subfield>
    <subfield code="t">c</subfield>
    <subfield code="s">9665</subfield>
    <subfield code="n">DFo</subfield>
    <subfield code="w">CSUGACY6171B</subfield>
    <subfield code="d">02/20/96</subfield>
    <subfield code="l">DCFG</subfield>
  </datafield>
</record>
<record>
  <controlfield tag="000">01915cam\a2200337u\\4500</controlfield>
  <controlfield tag="001">25136</controlfield>
  <controlfield tag="005">20251009061354.0</controlfield>
  <controlfield tag="008">850308s1919\\\\enka\\\\\b\\\\000\0\eng\\</controlfield>
  <datafield tag="010" ind1=" " ind2=" ">
    <subfield code="a">   20003019 </subfield>
  </datafield>
  <datafield tag="035" ind1=" " ind2=" ">
    <subfield code="9">DCFGRLA35238-B</subfield>
  </datafield>
  <datafield tag="040" ind1=" " ind2=" ">
    <subfield code="c">IaU</subfield>
    <subfield code="d">IaU</subfield>
    <subfield code="d">UPRA</subfield>
    <subfield code="d">CStRLIN</subfield>
    <subfield code="d">UtOrBLW</subfield>
  </datafield>
  <datafield tag="050" ind1=" " ind2="0">
    <subfield code="a">PR3099</subfield>
    <subfield code="b">.M5</subfield>
  </datafield>
  <datafield tag="090" ind1=" " ind2=" ">
    <subfield code="a">PR3099</subfield>
    <subfield code="b">.M5</subfield>
  </datafield>
  <datafield tag="100" ind1="1" ind2=" ">
    <subfield code="a">Mitchell, Roy,</subfield>
    <subfield code="d">1884-1944,</subfield>
    <subfield code="0">n  84228577,</subfield>
    <subfield code="e">author.</subfield>
  </datafield>
  <datafield tag="245" ind1="1" ind2="0">
    <subfield code="a">Shakespeare for community players /</subfield>
    <subfield code="c">by Roy Mitchell ... Illustrted by J. E. H. Macdonald.</subfield>
  </datafield>
  <datafield tag="260" ind1=" " ind2=" ">
    <subfield code="a">London &amp; Toronto :</subfield>
    <subfield code="b">J. M. Dent &amp; sons ltd.;</subfield>
    <subfield code="a">New York :</subfield>
    <subfield code="b">E. P. Dutton &amp; co.,</subfield>
    <subfield code="c">1919.</subfield>
  </datafield>
  <datafield tag="300" ind1=" " ind2=" ">
    <subfield code="a">xii, 142 p. :</subfield>
    <subfield code="b">ill., incl. front. ;</subfield>
    <subfield code="c">21 cm</subfield>
  </datafield>
  <datafield tag="336" ind1=" " ind2=" ">
    <subfield code="a">text</subfield>
    <subfield code="b">txt</subfield>
    <subfield code="2">rdacontent</subfield>
  </datafield>
  <datafield tag="337" ind1=" " ind2=" ">
    <subfield code="a">unmediated</subfield>
    <subfield code="b">n</subfield>
    <subfield code="2">rdamedia</subfield>
  </datafield>
  <datafield tag="340" ind1=" " ind2=" ">
    <subfield code="p">illustration</subfield>
    <subfield code="2">rdaill</subfield>
  </datafield>
  <datafield tag="340" ind1=" " ind2=" ">
    <subfield code="p">frontispiece</subfield>
  </datafield>
  <datafield tag="504" ind1=" " ind2=" ">
    <subfield code="a">Bibliography: p. 136-142.</subfield>
  </datafield>
  <datafield tag="505" ind1="0" ind2=" ">
    <subfield code="a">Introduction. - Choosing the play. - Organisation. - Rehearsal. - Stage-setting. - Furniture and accessories. - Dresses. - Lighting. - Make-up. - Music. - The "Matinée lyrique." - Bibliography: Books on the new art of the theatre. On Elizabethan stagecraft. On dress. On voice, music, make-up, etc. Magazines. On community playing. On dancing and dance music.</subfield>
  </datafield>
  <datafield tag="600" ind1="1" ind2="0">
    <subfield code="a">Shakespeare, William,</subfield>
    <subfield code="d">1564-1616</subfield>
    <subfield code="x">Stage history</subfield>
    <subfield code="y">1800-1950.</subfield>
    <subfield code="0">sh 85121044 </subfield>
  </datafield>
  <datafield tag="650" ind1=" " ind2="0">
    <subfield code="a">Community theater.</subfield>
    <subfield code="0">sh 85029256 </subfield>
  </datafield>
  <datafield tag="650" ind1=" " ind2="0">
    <subfield code="a">Community theater</subfield>
    <subfield code="0">sh 85029256</subfield>
    <subfield code="v">Bibliography.</subfield>
    <subfield code="0">sh 99001362 </subfield>
  </datafield>
  <datafield tag="650" ind1=" " ind2="0">
    <subfield code="a">Amateur theater.</subfield>
    <subfield code="0">sh 85004126 </subfield>
  </datafield>
  <datafield tag="650" ind1=" " ind2="0">
    <subfield code="a">Amateur theater</subfield>
    <subfield code="0">sh 85004126</subfield>
    <subfield code="v">Bibliography.</subfield>
    <subfield code="0">sh 99001362 </subfield>
  </datafield>
  <datafield tag="650" ind1=" " ind2="0">
    <subfield code="a">Theaters</subfield>
    <subfield code="x">Stage-setting and scenery.</subfield>
    <subfield code="0">sh 85134593 </subfield>
  </datafield>
  <datafield tag="752" ind1=" " ind2=" ">
    <subfield code="a">Great Britain</subfield>
    <subfield code="b">England</subfield>
    <subfield code="d">London.</subfield>
    <subfield code="2">naf</subfield>
  </datafield>
  <datafield tag="852" ind1="0" ind2=" ">
    <subfield code="a">US-DFo</subfield>
    <subfield code="b">DeckB-Mod</subfield>
    <subfield code="h">PR3099</subfield>
    <subfield code="i">.M5</subfield>
    <subfield code="7">25862</subfield>
  </datafield>
  <datafield tag="909" ind1="C" ind2="O">
    <subfield code="o">oai:catalog.folger.edu:25136</subfield>
    <subfield code="p">GLOBAL_SET</subfield>
  </datafield>
  <datafield tag="950" ind1=" " ind2=" ">
    <subfield code="l">MOD</subfield>
  </datafield>
  <datafield tag="955" ind1=" " ind2=" ">
    <subfield code="l">MOD</subfield>
  </datafield>
  <datafield tag="980" ind1=" " ind2=" ">
    <subfield code="a">BIB</subfield>
  </datafield>
  <datafield tag="983" ind1=" " ind2=" ">
    <subfield code="a">Open stacks</subfield>
  </datafield>
  <datafield tag="998" ind1=" " ind2=" ">
    <subfield code="a">02/21/96</subfield>
    <subfield code="t">c</subfield>
    <subfield code="s">9665</subfield>
    <subfield code="n">DFo</subfield>
    <subfield code="w">IAUG85B19453</subfield>
    <subfield code="d">02/21/96</subfield>
    <subfield code="l">DCFG</subfield>
  </datafield>
</record>

</collection>